{"text_format":"2","workbook":"xlsx","n_sheets":3,"sheets":["UEM","UBF","CPU"],"not_rendered":{"charts":0,"images":1,"macros":0,"external_links":2,"defined_names":6,"comments":0,"pivot_tables":0},"unopened":[],"bounds":{"document_bytes":16777216,"sheet_cells":100000,"run_cost":"one","rows_first":2000,"rows_last":500,"rows_between":2000,"halvings":0,"cell_chars":16384,"cell_head_chars":4096},"cells_cut":0,"cells_raw":0,"read":"whole","date_system":"1900"}

{"sheet":"UEM","index":0,"n_rows":116,"n_cols":15,"rows_kept":116,"cut":false,"hidden":false,"merged":[[0,0,0,8],[1,0,1,8],[2,0,2,8],[3,0,4,6],[3,7,3,8],[4,7,4,8],[27,3,27,7],[5,0,5,8],[6,0,7,0],[6,1,7,1],[6,2,7,2],[6,3,7,3],[6,4,7,4],[6,5,7,5],[6,6,6,8],[9,3,9,7],[11,3,11,7],[14,3,14,7],[20,3,20,7],[25,3,25,7],[116,0,116,8],[33,3,33,7],[35,3,35,7],[39,3,39,7],[42,3,42,7],[47,3,47,7],[53,3,53,7]]}
["MINISTÉRIO DA INTEGRAÇÃO E DO DESENVOLVIMENTO REGIONAL",{"$nulls":8},"BDI serviç",1.2591000000000001]
["COMPANHIA DE DESENVOLVIMENTO DOS VALES DO SÃO FRANCISCO E DO PARNAÍBA",{"$nulls":8},"BDI fornec.",1.1359999999999999]
["SEDE"]
["PLANILHA ORÇAMENTÁRIA DE ESTIMATIVA GERAL PARA O ESTADO DO AMAPÁ",{"$nulls":6},"Base SINAPI-AP 03/2025      ORSE 02/2025"]
[{"$nulls":7},"Data: Maio/2025"]
[]
["Item","Base        ","Código        ","Descrição","unid.","Quant.","Valor (R$)"]
[{"$nulls":6},"unit. (sem BDI)","unit. (com BDI)","Total"]
[]
[3,null,null,"UNIDADE DE EXTRAÇÃO DE MEL",{"$nulls":4},{"$f":"SUM(I12,I15,I21,I28,I34,I36,I40,I43,I48,I54)","v":268252.11}]
[]
["3.1",null,null,"SERVIÇOS PRELIMINARES",{"$nulls":4},{"$f":"SUM(I13:I14)","v":35042.469999999994}]
["3.2","sinapi",105009,{"$f":"[1]CPU!$A$91","v":"LOCAÇÃO DE OBRAS"},"m",{"$f":"(7.89*2+9.6*2)","v":34.979999999999997},{"$f":"J13","v":794.17},{"$f":"(J13*K$1)","v":999.93944700000009},{"$f":"ROUND(F13*H13,2)","v":34977.879999999997},794.17]
["3.3","Sinapi",98525,"LIMPEZA MECANIZADA DE CAMADA VEGETAL, VEGETAÇÃO E PEQUENAS ÁRVORES (DIÂMETRO DE TRONCO MENOR QUE 0,20 M), COM TRATOR DE ESTEIRAS.","m²",{"$f":"9.56*7.891","v":75.437960000000004},{"$f":"J14","v":0.68},{"$f":"(G14*K$1)","v":0.85618800000000017},{"$f":"ROUND(F14*H14,2)","v":64.59},0.68]
["3.4",null,null,"MOVIMENTO DE TERRA",{"$nulls":4},{"$f":"SUM(I16:I20)","v":2095.5699999999997}]
["3.5","Sinapi",101230,"ESCAVAÇÃO VERTICAL A CÉU ABERTO, EM OBRAS DE INFRAESTRUTURA, INCLUINDO CARGA, DESCARGA E TRANSPORTE, EM SOLO DE 1ª CATEGORIA COM ESCAVADEIRA HIDRÁULICA (CAÇAMBA: 0,8 M³ / 111 HP)","m³",{"$f":"45.5+1.92+4.32+3","v":54.74},{"$f":"J16","v":11.58},{"$f":"(G16*K$1)","v":14.580378000000001},{"$f":"ROUND(F16*H16,2)","v":798.13},11.58]
["3.6","Sinapi",100577,"REGULARIZAÇÃO E COMPACTAÇÃO DE SUBLEITO DE SOLO PREDOMINANTEMENTE ARENOSO.","m²",{"$f":"9.6*7.9*0.6","v":45.503999999999998},0.51,{"$f":"(G17*K$1)","v":0.64214100000000007},{"$f":"ROUND(F17*H17,2)","v":29.22},0.51]
["3.7","Sinapi",96385,"EXECUÇÃO E COMPACTAÇÃO DE ATERRO COM SOLO PREDOMINANTEMENTE ARGILOSO - EXCLUSIVE SOLO, ESCAVAÇÃO, CARGA E TRANSPORTE","m³",64.400000000000006,12.57,15.826887000000001,{"$f":"ROUND(F18*H18,2)","v":1019.25},12.57]
["3.8","Sinapi",100574,"ESPALHAMENTO DE MATERIAL COM TRATOR DE ESTEIRAS.","m³",19.05,1.46,1.8382860000000001,{"$f":"ROUND(F19*H19,2)","v":35.020000000000003},1.46]
["3.9","Sinapi",100973,"CARGA, MANOBRA E DESCARGA DE SOLOS E MATERIAIS GRANULARES EM CAMINHÃO BASCULANTE 6 M³ - CARGA COM PÁ CARREGADEIRA (CAÇAMBA DE 1,7 A 2,8 M³ /128 HP) E DESCARGA LIVRE ","m³",19.05,8.92,11.231172000000001,{"$f":"ROUND(F20*H20,2)","v":213.95},8.92]
["3.10",null,null,"FUNDAÇÕES/ ESTRUTURAS DE CONCRETO ARMADO",{"$nulls":4},{"$f":"SUM(I22:I25)","v":6893.25}]
["3.11","Sinapi",92802,"CORTE E DOBRA DE AÇO CA-50, DIÂMETRO DE 8,0 MM","kg",101.6,{"$f":"J22","v":13.01},{"$f":"(G22*K$1)","v":16.380891000000002},{"$f":"ROUND(F22*H22,2)","v":1664.3},13.01]
["3.12","Sinapi",94965,"CONCRETO FCK = 25MPA, TRAÇO 1:2,3:2,7 (CIMENTO/ AREIA MÉDIA/ BRITA 1) - PREPARO MECÂNICO COM BETONEIRA 400 L. ","m³",{"$f":"2.16+1.8","v":3.96},779.4,{"$f":"(G23*K$1)","v":981.3425400000001},{"$f":"ROUND(F23*H23,2)","v":3886.12},779.4]
["3.13","Sinapi",103673,"LANÇAMENTO COM USO DE BOMBA, ADENSAMENTO E ACABAMENTO DE CONCRETO EM ESTRUTURAS. AF_02/2022","m³",3.96,38.51,48.487940999999999,{"$f":"ROUND(F24*H24,2)","v":192.01},38.51]
["3.14","Sinapi",97086,"FABRICAÇÃO, MONTAGEM E DESMONTAGEM DE FORMA PARA RADIER, EM MADEIRA SERRADA, 4 UTILIZAÇÕES.","m²",7.8,117.18,147.54133800000002,{"$f":"ROUND(F25*H25,2)","v":1150.82},117.18]
["3.15",null,null,"REVESTIMENTOS",{"$nulls":4},{"$f":"SUM(I27:I27)","v":0}]
["3.16","Sinapi",98555,"IMPERMEABILIZAÇÃO DE SUPERFÍCIE COM ARGAMASSA POLIMÉRICA / MEMBRANA ACRÍLICA, 3 DEMÃOS.","m²",0,{"$f":"(J27)","v":0},{"$f":"(J27*K$1)","v":0},{"$f":"ROUND(F27*H27,2)","v":0}]
["3.17",null,null,"ALVENARIAS, DIVISÓRIAS E FECHAMENTOS",{"$nulls":4},{"$f":"SUM(I29:I33)","v":25618.959999999999}]
["3.18","CPU","CPU010","REVESTIMENTO DE PAREDES EM CHAPAS DE AÇO INOXIDÁVEL AISI 304  - APENAS INSTALAÇÃO","m²",70.540000000000006,{"$f":"J29","v":42.368000000000009},{"$f":"(G29*K$1)","v":53.345548800000017},{"$f":"ROUND(F29*H29,2)","v":3763},{"$f":"CPU!I209","v":42.368000000000009}]
["3.19","ORSE","10280/ORSE","MANTA EM LÃ DE VIDRO","m²",66.278000000000006,15.05,{"$f":"(G30*K$1)","v":18.949455000000004},{"$f":"ROUND(F30*H30,2)","v":1255.93},15.05]
["3.20","CPU","CPU009","CHAPA XADREZ EM ALUMINIO PARA PISO e:3mm, INCLUSO REBITE PARA FIXAÇÃO - APENAS MÃO DE OBRA","m²",29.9,361.26690000000002,454.87115379000005,{"$f":"ROUND(F31*H31,2)","v":13600.65},{"$f":"CPU!I196","v":361.26690000000002}]
["3.21","Sinapi",96486,"FORRO EM RÉGUAS DE PVC, LISO, PARA AMBIENTES COMERCIAIS, INCLUSIVE ESTRUTURA BIDIRECIONAL DE FIXAÇÃO","m²",29.93,78.77,99.179307000000009,{"$f":"ROUND(F32*H32,2)","v":2968.44},78.77]
["3.22","Sinapi",104723,"PAREDE COM SISTEMA EM CHAPAS DE GESSO PARA DRYWALL, USO INTERNO, COM DUAS FACES DUPLAS E ESTRUTURA METÁLICA COM GUIAS DUPLAS PARA PAREDES COM ÁREA LÍQUIDA MENOR QUE 6 m², COM VÃOS.","m²",12.096,264.67,333.24599700000005,{"$f":"ROUND(F33*H33,2)","v":4030.94},264.67]
["3.23",null,null,"PINTURAS",{"$nulls":4},{"$f":"SUM(I35:I35)","v":6638.59}]
["3.24","Sinapi",100751,"PINTURA COM TINTA EPOXÍDICA DE ACABAMENTO PULVERIZADA SOBRE PERFIL METÁLICO EXECUTADO EM FÁBRICA (02 DEMÃOS).","m²",170.3,{"$f":"J35","v":30.96},{"$f":"(G35*K$1)","v":38.981736000000005},{"$f":"ROUND(F35*H35,2)","v":6638.59},30.96]
["3.25",null,null,"COBERTURAS",{"$nulls":4},{"$f":"SUM(I37:I39)","v":36649.39}]
["3.26","ORSE","13874/ORSE","ESTRUTURA METALICA P/ COBERTURA DE CRECHE PADRÃO 1 DO PADRÃO FNDE, EM LIGTH STEEL FRAME, COM PERFIS UE70 MONTANTES DE TUBO UE70, INCLUSIVE FORNECIMENTO E MONTAGEM. EXCLUSIVE TELHAS","m²",96,{"$f":"J37","v":113.51},{"$f":"(G37*K$1)","v":142.92044100000001},{"$f":"ROUND(F37*H37,2)","v":13720.36},113.51]
["3.27","Sinapi",94216,"TELHAMENTO COM TELHA METÁLICA TERMOACÚSTICA E = 30 MM, COM ATÉ 2 ÁGUAS, INCLUSO IÇAMENTO","m²",96,{"$f":"J38","v":174.98},{"$f":"(G38*K$1)","v":220.317318},{"$f":"ROUND(F38*H38,2)","v":21150.46},174.98]
["3.28","Sinapi",94228,"CALHA EM CHAPA DE AÇO GALVANIZADO NÚMERO 24, DESENVOLVIMENTO DE 50 CM, INCLUSO TRANSPORTE VERTICAL. AF_07/2019","m",{"$f":"16*1.1","v":17.600000000000001},80.260000000000005,101.05536600000002,{"$f":"ROUND(F39*H39,2)","v":1778.57},80.260000000000005]
["3.29",null,null,"CONSTRUÇÃO CIVIL",{"$nulls":4},{"$f":"SUM(I41:I42)","v":7714.73}]
["3.30","Sinapi",91341,"PORTA EM ALUMÍNIO DE ABRIR TIPO VENEZIANA COM GUARNIÇÃO, FIXAÇÃO COM PARAFUSOS - FORNECIMENTO E INSTALAÇÃO.","m²",5.04,{"$f":"J41","v":624.80999999999995},{"$f":"(G41*K$1)","v":786.69827099999998},{"$f":"ROUND(F41*H41,2)","v":3964.96},624.80999999999995]
["3.31","Sinapi",100674,"CAIXILHO FIXO DE ALUMÍNIO PARA VIDRO (VIDRO INCLUSO), BATENTE/ REQUADRO DE 4 A 14 CM, SEM GUARNIÇÃO/ ALIZAR, FIXAÇÃO COM PARAFUSOS, VEDAÇÃO COM SILICONE, EXCLUSIVE CONTRAMARCO -\nFORNECIMENTO E INSTALAÇÃO. AF_11/2024","m²",3.75,794.17,{"$f":"(G42*K$1)","v":999.93944700000009},{"$f":"ROUND(F42*H42,2)","v":3749.77},794.17]
["3.32",null,null,"INSTALAÇÕES PREDIAIS",{"$nulls":4},{"$f":"SUM(I44:I47)","v":13890}]
["3.33","CPU","CPU001",{"$f":"[1]CPU!$A$65","v":"EXECUÇÃO DE INSTALAÇÕES HIDROSSANITÁRIAS, EXCLUSIVE EQUIPAMENTOS"},{"$f":"[1]CPU!$I$78","v":"cj"},1,{"$f":"J44","v":2636.4},{"$f":"(G44*K$1)","v":3319.4912400000003},{"$f":"ROUND(F44*H44,2)","v":3319.49},{"$f":"CPU!I44","v":2636.4}]
["3.34","SINAPI",98052,"TANQUE SÉPTICO CIRCULAR, EM CONCRETO PRÉ-MOLDADO, DIÂMETRO INTERNO = 1,10 M, ALTURA INTERNA = 2,50 M, VOLUME ÚTIL: 2138,2 L (PARA 5 CONTRIBUINTES).","un",1,2196.6999999999998,{"$f":"(G45*K$1)","v":2765.8649700000001},{"$f":"ROUND(F45*H45,2)","v":2765.86},2196.6999999999998]
["3.35","SINAPI",98062,"SUMIDOURO CIRCULAR, EM CONCRETO PRÉ-MOLDADO, DIÂMETRO INTERNO = 1,88 M, ALTURA INTERNA = 2,00 M, ÁREA DE INFILTRAÇÃO: 13,1 m² (PARA 5 CONTRIBUINTES)","un",1,3346.19,4213.1878290000004,{"$f":"ROUND(F46*H46,2)","v":4213.1899999999996},3346.19]
["3.36","CPU","CPU002",{"$f":"[1]CPU!$A$78","v":"EXECUÇÃO DE INSTALAÇÕES ELÉTRICAS, EXCLUSIVE EQUIPAMENTOS"},{"$f":"[1]CPU!$I$78","v":"cj"},1,2852.3999999999996,3591.4568399999998,{"$f":"ROUND(F47*H47,2)","v":3591.46},{"$f":"CPU!I57","v":2852.3999999999996}]
["3.37",null,null,"SERVIÇOS DIVERSOS",{"$nulls":4},{"$f":"SUM(I49:I53)","v":26474.18}]
["3.38","CPU","CPU003",{"$f":"[1]CPU!$A$140","v":"CORTE DE CONTAINER PARA ESQUADRIAS"},{"$f":"[1]CPU!$I$140","v":"m²"},16.45,{"$f":"J49","v":163.96922999999998},{"$f":"(G49*K$1)","v":206.45365749300001},{"$f":"ROUND(F49*H49,2)","v":3396.16},{"$f":"CPU!I76","v":163.96922999999998}]
["3.39","CPU","CPU004",{"$f":"[1]CPU!$A$182","v":"MODIFICAÇÕES NO CONTAINER COM CORTE POR ESMERILHADEIRA "},{"$f":"[1]CPU!$I$182","v":"m"},58.26,86.125199999999992,{"$f":"(G50*K$1)","v":108.44023932},6317.73,{"$f":"CPU!I118","v":86.125199999999992}]
["3.40","CPU","CPU005",{"$f":"[1]CPU!$A$200","v":"MODIFICAÇÕES NO CONTAINER UNIÃO ATRAVÉS DO PROCESSO DE SOLDAGEM, INCLUSO IÇAMENTO DO CONTAINER"},{"$f":"[1]CPU!$I$200","v":"m"},21.9,362.33710600000001,456.21865016460004,9991.19,{"$f":"CPU!I140","v":362.33710600000001}]
["3.41","CPU","CPU011","GUARDA-CORPO DE AÇO CARBONO, MONTANTES TUBULARES DE 1.1/2\" ESPAÇADOS EM 0,75M, ALTURA APROXIMADA DE 0,90M, PREPARADO COM FunO E TINTA EPÓXI NA COR AMARELA","m",{"$f":"0.75*2*3*1.1","v":4.95},464.51237300000003,584.86752884430007,2895.09,{"$f":"CPU!I233","v":464.51237300000003}]
["3.42","CPU","CPU013","FORNECIMENTO E INSTALAÇÃO DE SUPORTE PARA CAIXA D'ÁGUA EM METALON","un",1,3076.8069044000003,3874.0075733300409,3874.01,{"$f":"CPU!I287","v":3076.8069044000003}]
["3.43",null,null,"MATERIAIS",{"$nulls":4},{"$f":"SUM(I55:I116)","v":107234.96999999999}]
["3.44","Cotação",null,"CONTAINER DRY BOX 20 PÉS 6,1X2,21X2,6 (COMPXLARGXALTU)","un",2,{"$f":"J55","v":15901.67},{"$f":"G55*$K$2","v":18064.297119999999},{"$f":"ROUND(F55*H55,2)","v":36128.589999999997},{"$f":"CPU!I250","v":15901.67}]
["3.45","Sinapi",89356,"TUBO PVC, SOLDAVEL, DN 25 MM, AGUA FRIA (NBR-5648)","m",12,21.81,{"$f":"G56*$K$2","v":24.776159999999997},297.31,21.81]
["3.46","Sinapi",89357,"TUBO PVC, SOLDAVEL, DN 32 MM, AGUA FRIA (NBR-5648)","m",18,29.7,33.739199999999997,607.30999999999995,29.7]
["3.47","Sinapi",9835,"TUBO PVC SERIE NORMAL, DN 40 MM, PARA ESGOTO PREDIAL (NBR 5688)","m",3,4.72,5.3619199999999996,16.09,4.72]
["3.48","Sinapi",9838,"TUBO PVC SERIE NORMAL, DN 50 MM, PARA ESGOTO PREDIAL (NBR 5688) ","m",20,7.8,8.8607999999999993,177.22,7.8]
["3.49","Sinapi",9836,"TUBO PVC SERIE NORMAL, DN 100 MM, PARA ESGOTO PREDIAL (NBR 5688) ","m",1,10.82,12.291519999999998,12.29,10.82]
["3.50","Sinapi",89362,"JOELHO 90 GRAUS, PVC, SOLDÁVEL, DN 25MM, INSTALADO EM RAMAL OU SUB-RAMAL DE ÁGUA - FORNECIMENTO E INSTALAÇÃO. AF_06/2022","un",12,8.8000000000000007,9.9968000000000004,119.96,8.8000000000000007]
["3.51","Sinapi",89367,"JOELHO 90 GRAUS, PVC, SOLDÁVEL, DN 32MM, INSTALADO EM RAMAL OU SUB-RAMAL DE ÁGUA - FORNECIMENTO E INSTALAÇÃO. AF_06/2022","un",10,12.02,13.654719999999998,{"$f":"ROUND(F62*H62,2)","v":136.55000000000001},12.02]
["3.52","Sinapi",3515,"JOELHO PVC, SOLDAVEL, COM BUCHA DE LATAO, 90 GRAUS, 20 MM X 1/2\", PARA AGUA FRIA","un",2,5.72,6.4979199999999988,{"$f":"ROUND(F63*H63,2)","v":13},5.72]
["3.53","Sinapi",7121,"TE PVC, SOLDAVEL, COM BUCHA DE LATAO NA BOLSA CENTRAL, 90 GRAUS, 20 MM X 1/2\", PARA AGUA FRIA PREDIAL","un",2,8.0500000000000007,9.1448,{"$f":"ROUND(F64*H64,2)","v":18.29},8.0500000000000007]
["3.54","Sinapi",798,"BUCHA DE REDUCAO PVC ROSCAVEL 3/4\" X 1/2\"","un",2,1.03,1.17008,{"$f":"ROUND(F65*H65,2)","v":2.34},1.03]
["3.55","Sinapi",103957,"BUCHA DE REDUÇÃO, CURTA, PVC, SOLDÁVEL, DN 32 X 25 MM, INSTALADO EM PRUMADA DE ÁGUA - FORNECIMENTO E INSTALAÇÃO. AF_06/2022","un",2,4.46,5.0665599999999991,10.130000000000001,4.46]
["3.56","Sinapi",3878,"LUVA PVC, ROSCAVEL, 1 1/2\", AGUA FRIA PREDIAL","un",2,10.51,11.939359999999999,23.88,10.51]
["3.57","Sinapi",4177,"NIPLE DE FERRO GALVANIZADO, COM ROSCA BSP, DE 1/2\"","un",2,5.3,6.0207999999999995,12.04,5.3]
["3.58","Sinapi",89395,"TE, PVC, SOLDÁVEL, DN 25MM, INSTALADO EM RAMAL OU SUB-RAMAL DE ÁGUA - FORNECIMENTO E INSTALAÇÃO. AF_06/2022","un",3,12.13,13.779679999999999,41.34,12.13]
["3.59","Sinapi",89398,"TE, PVC, SOLDÁVEL, DN 32MM, INSTALADO EM RAMAL OU SUB-RAMAL DE ÁGUA - FORNECIMENTO E INSTALAÇÃO. AF_06/2022","un",3,16.760000000000002,19.039359999999999,57.12,16.760000000000002]
["3.60","Sinapi",97,"ADAPTADOR PVC SOLDAVEL, COM FLANGE E ANEL DE VEDACAO, 32 MM X 1\", PARA CAIXA D'AGUA","un",4,16.29,18.505439999999997,74.02,16.29]
["3.61","Sinapi",11675,"REGISTRO DE ESFERA, PVC, COM VOLANTE, VS, SOLDAVEL, DN 32 MM,","un",4,40.78,46.326079999999997,185.3,40.78]
["3.62","Sinapi",34637,"CAIXA D'AGUA / RESERVATORIO EM POLIETILENO, 500 LITROS, COM TAMPA                                                                                                                                                                                                                                                                                                                                                                                                                                         ","un",1,253.39,287.85103999999995,287.85000000000002,253.39]
["3.63","Sinapi",94495,"REGISTRO DE GAVETA BRUTO, LATÃO, ROSCÁVEL, 1\" - FORNECIMENTO E INSTALAÇÃO. AF_08/2021","un",1,67.099999999999994,76.225599999999986,76.23,67.099999999999994]
["3.64","Sinapi",94496,"REGISTRO DE GAVETA BRUTO, LATÃO, ROSCÁVEL, 1 1/4\" - FORNECIMENTO E INSTALAÇÃO. AF_08/2021","un",2,91.43,103.86448,207.73,91.43]
["3.65","Sinapi",7603,"TORNEIRA DE METAL AMARELO, PARA TANQUE / JARDIM, DE PAREDE, SEM BICO, CANO CURTO, PADRAO POPULAR / USO GERA","un",2,80.13,91.027679999999989,182.06,80.13]
["3.66","Sinapi",94795,"TORNEIRA DE BOIA PARA CAIXA D'ÁGUA, ROSCÁVEL, 1/2\" - FORNECIMENTO E INSTALAÇÃO. AF_08/2021","un",1,35.39,40.203039999999994,40.200000000000003,35.39]
["3.67","Sinapi",20080,"ADESIVO PLASTICO PARA PVC, FRASCO COM 175 GR","un",2,20.09,22.822239999999997,{"$f":"ROUND(F78*H78,2)","v":45.64},20.09]
["3.68","Sinapi",3143,"FITA VEDA ROSCA 18MMX25M","un",1,9.64,10.951039999999999,{"$f":"ROUND(F79*H79,2)","v":10.95},9.64]
["3.69","Sinapi",35277,"CAIXA DE GORDURA EM PVC, DIAMETRO MINIMO 300 MM, DIAMETRO DE SAIDA 100 MM CAPACIDADE APROXIMADA 18 LITROS, COM TAMPA E CESTO","un",1,303.92,345.25311999999997,{"$f":"ROUND(F80*H80,2)","v":345.25},303.92]
["3.70","Sinapi",11735,"PROLONGADOR PAR CAIXA DE GORDURA E INSPEÇÃO DN300, PVC","un",1,7.57,8.5995200000000001,{"$f":"ROUND(F81*H81,2)","v":8.6},7.57]
["3.71","Sinapi",89482,"CAIXA SIFONADA, PVC, DN 100 X 100 X 50 MM, FORNECIDA E INSTALADA EM RAMAIS DE ENCAMINHAMENTO DE ÁGUA PLUVIAL. AF_06/2022","un",5,37.97,43.133919999999996,{"$f":"ROUND(F82*H82,2)","v":215.67},37.97]
["3.72","Sinapi",94679,"CURVA 90 GRAUS, PVC, SOLDÁVEL, DN 50 MM, INSTALADO EM RESERVAÇÃO DE ÁGUA DE EDIFICAÇÃO QUE POSSUA RESERVATÓRIO DE FIBRA/FIBROCIMENTO   FORNECIMENTO E INSTALAÇÃO. AF_06/2016","un",11,20.59,23.390239999999999,257.29000000000002,20.59]
["3.73","Sinapi",89504,"CURVA 45 GRAUS, PVC, SOLDÁVEL, DN 50MM, INSTALADO EM PRUMADA DE ÁGUA - FORNECIMENTO E INSTALAÇÃO. AF_06/2022","un",3,16.68,18.948479999999996,56.85,16.68]
["3.74","Sinapi",89724,"JOELHO 90 GRAUS, PVC, SERIE NORMAL, ESGOTO PREDIAL, DN 40 MM, JUNTA SOLDÁVEL, FORNECIDO E INSTALADO EM RAMAL DE DESCARGA OU RAMAL DE ESGOTO SANITÁRIO. AF_08/2022","un",1,9.1199999999999992,10.360319999999998,10.36,9.1199999999999992]
["3.75","Sinapi",89731,"JOELHO 90 GRAUS, PVC, SERIE NORMAL, ESGOTO PREDIAL, DN 50 MM, JUNTA ELÁSTICA, FORNECIDO E INSTALADO EM RAMAL DE DESCARGA OU RAMAL DE ESGOTO SANITÁRIO. AF_08/2022","un",8,14.46,16.426559999999998,131.41,14.46]
["3.76","Sinapi",89563,"JUNÇÃO SIMPLES, PVC, SERIE R, ÁGUA PLUVIAL, DN 50 MM, JUNTA ELÁSTICA, FORNECIDO E INSTALADO EM RAMAL DE ENCAMINHAMENTO. AF_06/2022","un",2,29.83,33.886879999999998,67.77,29.83]
["3.77","Sinapi",103995,"LUVA, PVC, SOLDÁVEL, DN 50MM, INSTALADO EM RAMAL DE DISTRIBUIÇÃO DE ÁGUA - FORNECIMENTO E INSTALAÇÃO. AF_06/2022","un",17,13.64,15.495039999999999,263.42,13.64]
["3.78","Sinapi",104345,"JUNÇÃO DE REDUÇÃO INVERTIDA, PVC, SÉRIE NORMAL, ESGOTO PREDIAL, DN 100 X 50 MM, JUNTA ELÁSTICA, FORNECIDO E INSTALADO EM RAMAL DE DESCARGA OU RAMAL DE ESGOTO SANITÁRIO. AF_08/2022","un",2,38.54,43.781439999999996,87.56,38.54]
["3.79","Sinapi",20043,"REDUÇÃO EXCÊNTRICA, PVC, ÁGUA PLUVIAL, DN 100 X 50 MM, LINHA NORMAL","un",2,6.51,7.3953599999999993,{"$f":"ROUND(F90*H90,2)","v":14.79},6.51]
["3.80","Sinapi",86883,"SIFÃO DO TIPO FLEXÍVEL EM PVC 1  X 1.1/2  - FORNECIMENTO E INSTALAÇÃO. AF_01/2020","un",1,12.51,14.211359999999999,14.21,12.51]
["3.81","Sinapi",86941,"LAVATÓRIO LOUÇA BRANCA COM COLUNA, 45 X 55CM OU EQUIVALENTE, PADRÃO MÉDIO, INCLUSO SIFÃO TIPO GARRAFA, VÁLVULA E ENGATE FLEXÍVEL DE 40CM EMMETAL CROMADO, COM TORNEIRA CROMADA DE MESA, PADRÃO MÉDIO - FORNECIMENTO E INSTALAÇÃO.","un",1,988.04,1122.4134399999998,1122.4100000000001,988.04]
["3.82","Sinapi",86936,"CUBA DE EMBUTIR DE AÇO INOXIDÁVEL MÉDIA, INCLUSO VÁLVULA TIPO AMERICANA E SIFÃO TIPO GARRAFA EM METAL CROMADO - FORNECIMENTO E INSTALAÇÃO","un",1,549.29,623.99343999999985,623.99,549.29]
["3.83","Cotação",null,"LAVADOR DE BOTAS EM AÇO INOXIDÁVEL AISI 304","un",1,4060.1066666666666,4612.2811733333328,4612.28,{"$f":"O94","v":4060.1066666666666},null,4132.93,2817.39,5230,{"$f":"AVERAGE(L94:N94)","v":4060.1066666666666}]
["3.84","Sinapi",86906,"TORNEIRA CROMADA DE MESA, 1/2\u0094 OU 3/4\u0094, PARA LAVATÓRIO, PADRÃO POPULAR - FORNECIMENTO E INSTALAÇÃO. AF_01/2020","un",2,151.12,171.67231999999998,343.34,151.12]
["3.85","Sinapi",94768,"ADAPTADOR COM FLANGE E ANEL DE VEDAÇÃO, CPVC, ROSCÁVEL, DN 42 MM, INSTALADO EM RESERVAÇÃO DE ÁGUA DE EDIFICAÇÃO QUE POSSUA RESERVATÓRIO DE FIBRA/FIBROCIMENTO - FORNECIMENTO E INSTALAÇÃO. AF_06/2016","un",1,76.81,87.256159999999994,87.26,76.81]
["3.86","Cotação",null,"PEDALEIRA PARA ACIONAMENTO TORNEIRA, ROSCA 1/2\"","un",2,145.39666666666665,165.17061333333331,330.34,{"$f":"O97","v":145.39666666666665},null,133.4,137.88999999999999,164.9,{"$f":"AVERAGE(L97:N97)","v":145.39666666666665}]
["3.87","Sinapi",91924,"CABO DE COBRE FLEXÍVEL ISOLADO, 1,5 Mm², ANTI-CHAMA 450/750 V, PARA CIRCUITOS TERMINAIS - FORNECIMENTO E INSTALAÇÃO. AF_03/2023","m",49,3.4,3.8623999999999996,189.26,3.4]
["3.88","Sinapi",91926,"CABO DE COBRE, RIGIDO, CLASSE 2, ISOLACAO EM PVC/A, ANTICHAMA BWF-B, 1 CONDUTOR, 450/750 V, SECAO NOMINAL 2,5 Mm²","m",180,4.97,5.6459199999999994,1016.27,4.97]
["3.89","Sinapi",91952,"INTERRUPTOR SIMPLES (1 MÓDULO), 10A/250V, SEM SUPORTE E SEM PLACA - FORNECIMENTO E INSTALAÇÃO. AF_03/2023","un",4,19.48,22.129279999999998,88.52,19.48]
["3.90","Sinapi",91990,"TOMADA ALTA DE EMBUTIR (1 MÓDULO), 2P+T 10 A, SEM SUPORTE E SEM PLACA - FORNECIMENTO E INSTALAÇÃO. AF_03/2023","un",1,34.270000000000003,38.930720000000001,38.93,34.270000000000003]
["3.91","ORSE","11054/ORSE","CAIXA METÁLICA COM UMA TOMADA 2P+T PARA INSTALAÇÃO APARENTE","un",10,27.17,30.865119999999997,308.64999999999998,27.17]
["3.92","Sinapi",95777,"CONDULETE DE ALUMÍNIO, TIPO B, PARA ELETRODUTO DE AÇO GALVANIZADO DN 20 MM (3/4''), APARENTE - FORNECIMENTO E INSTALAÇÃO. AF_10/2022","un",5,24.48,27.809279999999998,139.05000000000001,24.48]
["3.93","Sinapi",101890,"DISJUNTOR MONOPOLAR TIPO NEMA, CORRENTE NOMINAL DE 10 ATÉ 30A - FORNECIMENTO E INSTALAÇÃO. AF_10/2020","un",1,15.49,17.596639999999997,17.600000000000001,15.49]
["3.94","Sinapi",101892,"DISJUNTOR MONOPOLAR TIPO NEMA, CORRENTE NOMINAL DE 10 ATÉ 50A - FORNECIMENTO E INSTALAÇÃO. AF_10/2020","un",7,67.33,76.486879999999985,535.41,67.33]
["3.95","ORSE","07943/ORSE","DISJUNTOR BIPOLAR DR 25A - DISPOSITIvO DIFERENCIAL RESIDUAL, TIPO AC, 30MA","un",3,278.5,316.37599999999998,949.13,278.5]
["3.96","Sinapi",93661,"DISJUNTOR BIPOLAR TIPO DIN, CORRENTE NOMINAL DE 16A - FORNECIMENTO E INSTALAÇÃO. AF_10/2020","un",2,54.55,61.968799999999995,123.94,54.55]
["3.97","Sinapi",93665,"DISJUNTOR BIPOLAR TIPO DIN, CORRENTE NOMINAL DE 40A - FORNECIMENTO E INSTALAÇÃO. AF_10/2020","un",1,63.96,72.658559999999994,72.66,63.96]
["3.98","ORSE","4878/ORSE","PONTO DE LUZ EM TETO OU PAREDE, APARENTE SEM ELETRODUTO","un",5,65.23,74.101280000000003,370.51,65.23]
["3.99","ORSE","14448/ORSE","ELETRODUTO DE AÇO GALVANIZADO, CLASSE LEVE, DN 25 MM (1\")","m",50,33.67,38.249119999999998,1912.46,33.67]
["3.100","Sinapi",1879,"CURVA 90° PVC ELETRODUTO ROSCAVEL 3/4\"","un",16,3.29,3.7374399999999999,59.8,3.29]
["3.101","Sinapi",39128,"ABRAÇADEIRA GALVANIZADA \"D\" PARA ELETRODUTO 3/4\" COM CUNHA","un",50,3.13,3.5556799999999997,177.78,3.13]
["3.102","Sinapi",101878,"QUADRO DE DISTRIBUIÇÃO DE ENERGIA EM CHAPA DE AÇO GALVANIZADO, DE SOBREPOR, COM BARRAMENTO TRIFÁSICO, PARA 18 DISJUNTORES DIN 100A - FORNECIMENTO E INSTALAÇÃO. AF_10/2020","un",1,516.19000000000005,586.39184,{"$f":"ROUND(F113*H113,2)","v":586.39},516.19000000000005]
["3.103","Sinapi",100954,"TRANSPORTE COM CAMINHÃO CARROCERIA COM GUINDAUTO (MUNCK),  MOMENTO MÁXIMO DE CARGA 11,7 TM, EM VIA INTERNA (DENTRO DO CANTEIRO - UNIDADE: TXKM). AF_07/2020","TXKM",800,8.9700000000000006,10.189919999999999,{"$f":"ROUND(F114*H114,2)","v":8151.94},8.9700000000000006]
["3.104","CPU","CPU006","REVESTIMENTO DE PAREDES EM CHAPAS DE AÇO INOXIDÁVEL AISI 304  - APENAS MATERIAL","m²",70.540000000000006,363.21,412.60655999999994,{"$f":"ROUND(F115*H115,2)","v":29105.27},{"$f":"CPU!I152","v":363.21}]
["3.105","CPU","CPU008","CHAPA XADREZ EM ALUMINIO PARA PISO e:3mm, INCLUSO REBITE PARA FIXAÇÃO - APENAS MATERIAL","m²",29.9,471.5,535.62399999999991,{"$f":"ROUND(F116*H116,2)","v":16015.16},{"$f":"CPU!I183","v":471.5}]

{"sheet":"UBF","index":1,"n_rows":104,"n_cols":11,"rows_kept":104,"cut":false,"hidden":false,"merged":[[47,3,47,7],[54,3,54,7],[104,0,104,8],[9,3,9,7],[24,3,24,7],[30,3,30,7],[32,3,32,7],[36,3,36,7],[42,3,42,7],[13,3,13,7],[19,3,19,7],[10,3,10,7],[5,0,5,8],[6,0,7,0],[6,1,7,1],[6,2,7,2],[6,3,7,3],[6,4,7,4],[6,5,7,5],[6,6,6,8],[0,0,0,8],[1,0,1,8],[2,0,2,8],[3,0,4,6],[3,7,3,8],[4,7,4,8]]}
["MINISTÉRIO DA INTEGRAÇÃO E DO DESENVOLVIMENTO REGIONAL",{"$nulls":8},"BDI serviç",1.2591000000000001]
["COMPANHIA DE DESENVOLVIMENTO DOS VALES DO SÃO FRANCISCO E DO PARNAÍBA",{"$nulls":8},"BDI fornec.",1.1359999999999999]
["SEDE"]
["PLANILHA ORÇAMENTÁRIA DE ESTIMATIVA GERAL PARA O ESTADO DO AMAPÁ",{"$nulls":6},"Base SINAPI-AP 03/2025      ORSE 02/2025"]
[{"$nulls":7},"Data: Maio/2025"]
[]
["Item","Base        ","Código        ","Descrição","Unid.","Quant.","Valor (R$)"]
[{"$nulls":6},"Unit. (sem BDI)","Unit. (com BDI)","Total"]
[]
[4,null,null,"UNIDADE DE BENEFICIAMENTO DE FRUTOS",{"$nulls":4},{"$f":"I11+I14+I20+I25+I31+I33+I37+I43+I48+I55","v":394969.48852559994}]
["4.1",null,null,"SERVIÇOS PRELIMINARES",{"$nulls":4},{"$f":"SUM(I12:I13)","v":50125.4}]
["4.2","sinapi",105009,{"$f":"[1]CPU!$A$91","v":"LOCAÇÃO DE OBRAS"},"m",{"$f":"15+10+15+10","v":50},{"$f":"J12","v":794.17},{"$f":"(G12*K$1)","v":999.93944700000009},{"$f":"ROUND(F12*H12,2)","v":49996.97},794.17]
["4.3","Sinapi",98525,"LIMPEZA MECANIZADA DE CAMADA VEGETAL, VEGETAÇÃO E PEQUENAS ÁRVORES (DIÂMETRO DE TRONCO MENOR QUE 0,20 M), COM TRATOR DE ESTEIRAS.","m²",{"$f":"15*10","v":150},{"$f":"J13","v":0.68},{"$f":"(G13*K$1)","v":0.85618800000000017},{"$f":"ROUND(F13*H13,2)","v":128.43},0.68]
["4.4",null,null,"MOVIMENTO DE TERRA",{"$nulls":4},{"$f":"SUM(I15:I19)","v":3061.9700000000003}]
["4.5","Sinapi",101230,"ESCAVAÇÃO VERTICAL A CÉU ABERTO, EM OBRAS DE INFRAESTRUTURA, INCLUINDO CARGA, DESCARGA E TRANSPORTE, EM SOLO DE 1ª CATEGORIA COM ESCAVADEIRA HIDRÁULICA (CAÇAMBA: 0,8 M³ / 111 HP)","m³",54.76,{"$f":"J15","v":11.58},{"$f":"G15*$K$1","v":14.580378000000001},{"$f":"ROUND(F15*H15,2)","v":798.42},11.58]
["4.6","Sinapi",100577,"REGULARIZAÇÃO E COMPACTAÇÃO DE SUBLEITO DE SOLO PREDOMINANTEMENTE ARENOSO.","m²",150,0.51,{"$f":"G16*$K$1","v":0.64214100000000007},{"$f":"ROUND(F16*H16,2)","v":96.32},0.51]
["4.7","Sinapi",96385,"EXECUÇÃO E COMPACTAÇÃO DE ATERRO COM SOLO PREDOMINANTEMENTE ARGILOSO - EXCLUSIVE SOLO, ESCAVAÇÃO, CARGA E TRANSPORTE","m³",75,12.57,{"$f":"G17*$K$1","v":15.826887000000001},{"$f":"ROUND(F17*H17,2)","v":1187.02},12.57]
["4.8","Sinapi",100574,"ESPALHAMENTO DE MATERIAL COM TRATOR DE ESTEIRAS.","m³",75,1.46,{"$f":"G18*$K$1","v":1.8382860000000001},{"$f":"ROUND(F18*H18,2)","v":137.87},1.46]
["4.9","Sinapi",100973,"CARGA, MANOBRA E DESCARGA DE SOLOS E MATERIAIS GRANULARES EM CAMINHÃO BASCULANTE 6 M³ - CARGA COM PÁ CARREGADEIRA (CAÇAMBA DE 1,7 A 2,8 M³ /128 HP) E DESCARGA LIVRE ","m³",75,8.92,{"$f":"G19*$K$1","v":11.231172000000001},{"$f":"ROUND(F19*H19,2)","v":842.34},8.92]
["4.10",null,null,"FUNDAÇÕES/ ESTRUTURAS DE CONCRETO ARMADO",{"$nulls":4},{"$f":"SUM(I21:I24)","v":20322.2285256}]
["4.11","Sinapi",92802,"CORTE E DOBRA DE AÇO CA-50, DIÂMETRO DE 8,0 MM","kg",101.6,{"$f":"J21","v":13.01},{"$f":"G21*K1","v":16.380891000000002},{"$f":"H21*F21","v":1664.2985256000002},13.01]
["4.12","Sinapi",94965,"CONCRETO FCK = 25MPA, TRAÇO 1:2,3:2,7 (CIMENTO/ AREIA MÉDIA/ BRITA 1) - PREPARO MECÂNICO COM BETONEIRA 400 L. ","m³",17,779.4,{"$f":"G22*K1","v":981.3425400000001},{"$f":"ROUND(F22*H22,2)","v":16682.82},779.4]
["4.13","Sinapi","103673","LANÇAMENTO COM USO DE BOMBA, ADENSAMENTO E ACABAMENTO DE CONCRETO EM ESTRUTURAS. AF_02/2022","m³",17,38.51,{"$f":"G23*K1","v":48.487940999999999},{"$f":"ROUND(F23*H23,2)","v":824.29},38.51]
["4.14","Sinapi",97086,"FABRICAÇÃO, MONTAGEM E DESMONTAGEM DE FORMA PARA RADIER, EM MADEIRA SERRADA, 4 UTILIZAÇÕES.","m²",7.8,117.18,{"$f":"G24*K1","v":147.54133800000002},{"$f":"ROUND(F24*H24,2)","v":1150.82},117.18]
["4.15",null,null,"ALVENARIAS, DIVISÓRIAS E FECHAMENTOS",{"$nulls":4},{"$f":"SUM(I26:I30)","v":59102.48}]
["4.16","CPU","CPU010","REVESTIMENTO DE PAREDES EM CHAPAS DE AÇO INOXIDÁVEL AISI 304  - APENAS INSTALAÇÃO","m²",160.29,{"$f":"J26","v":42.368000000000009},{"$f":"(G26*K$1)","v":53.345548800000017},{"$f":"ROUND(F26*H26,2)","v":8550.76},{"$f":"CPU!I209","v":42.368000000000009}]
["4.17","ORSE","10280/ORSE","MANTA EM LÃ DE VIDRO","un",134.78,15.05,{"$f":"(G27*K$1)","v":18.949455000000004},{"$f":"ROUND(F27*H27,2)","v":2554.0100000000002},15.05]
["4.18","CPU","CPU009","CHAPA XADREZ EM ALUMINIO PARA PISO e:3mm, INCLUSO REBITE PARA FIXAÇÃO - APENAS INSTALAÇÃO","un",56.543999999999997,361.26690000000002,454.87115379000005,{"$f":"ROUND(F28*H28,2)","v":25720.23},{"$f":"CPU!I196","v":361.26690000000002}]
["4.19","Sinapi",104723,"PAREDE COM SISTEMA EM CHAPAS DE GESSO PARA DRYWALL, USO INTERNO, COM DUAS FACES DUPLAS E ESTRUTURA METÁLICA COM GUIAS DUPLAS PARA PAREDES COM ÁREA LÍQUIDA MENOR QUE 6 M2, COM VÃOS.","m²",42.8,78.77,99.179307000000009,{"$f":"ROUND(F29*H29,2)","v":4244.87},78.77]
["4.20","Sinapi",96486,"FORRO EM RÉGUAS DE PVC, LISO, PARA AMBIENTES COMERCIAIS, INCLUSIVE ESTRUTURA BIDIRECIONAL DE FIXAÇÃO","m",54.112000000000002,264.67,333.24599700000005,{"$f":"ROUND(F30*H30,2)","v":18032.61},264.67]
["4.21",null,null,"PINTURAS",{"$nulls":4},{"$f":"SUM(I32:I32)","v":10287.280000000001}]
["4.22","Sinapi",100751,"PINTURA COM TINTA EPOXÍDICA DE ACABAMENTO PULVERIZADA SOBRE PERFIL METÁLICO EXECUTADO EM FÁBRICA (02 DEMÃOS).","m²",263.89999999999998,{"$f":"J32","v":30.96},{"$f":"(J32*K$1)","v":38.981736000000005},{"$f":"ROUND(F32*H32,2)","v":10287.280000000001},30.96]
["4.23",null,null,"COBERTURAS",{"$nulls":4},{"$f":"SUM(I34:I36)","v":37568.86}]
["4.24","ORSE","13874/ORSE","ESTRUTURA METALICA P/ COBERTURA DE CRECHE PADRÃO 1 DO PADRÃO FNDE, EM LIGTH STEEL FRAME, COM PERFIS UE70 MONTANTES DE TUBO UE70, INCLUSIVE FORNECIMENTO E MONTAGEM. EXCLUSIVE TELHAS","m²",98.42,{"$f":"J34","v":113.51},{"$f":"(G34*K$1)","v":142.92044100000001},{"$f":"ROUND(F34*H34,2)","v":14066.23},113.51]
["4.25","Sinapi",94216,"TELHAMENTO COM TELHA METÁLICA TERMOACÚSTICA E = 30 MM, COM ATÉ 2 ÁGUAS, INCLUSO IÇAMENTO","m²",98.42,{"$f":"J35","v":174.98},{"$f":"(G35*K$1)","v":220.317318},{"$f":"ROUND(F35*H35,2)","v":21683.63},174.98]
["4.26","Sinapi",94228,"CALHA EM CHAPA DE AÇO GALVANIZADO NÚMERO 24, DESENVOLVIMENTO DE 50 CM, INCLUSO TRANSPORTE VERTICAL. AF_07/2019","m",18,80.260000000000005,101.05536600000002,{"$f":"ROUND(F36*H36,2)","v":1819},80.260000000000005]
["4.27",null,null,"CONSTRUÇÃO CIVIL",{"$nulls":4},{"$f":"SUM(I38:I42)","v":19637.129999999997}]
["4.28","Sinapi",100702,"PORTA DE CORRER DE ALUMÍNIO, COM DUAS FOLHAS PARA VIDRO, INCLUSO VIDRO LISO INCOLOR, FECHADURA E PUXADOR, SEM ALIZAR. ","m²",4.8499999999999996,{"$f":"J38","v":419.82},{"$f":"(G38*K$1)","v":528.59536200000002},{"$f":"ROUND(F38*H38,2)","v":2563.69},419.82]
["4.29","Sinapi",91341,"PORTA EM ALUMÍNIO DE ABRIR TIPO VENEZIANA COM GUARNIÇÃO, FIXAÇÃO COM PARAFUSOS - FORNECIMENTO E INSTALAÇÃO.","m²",3.8,624.80999999999995,{"$f":"(G39*K$1)","v":786.69827099999998},{"$f":"ROUND(F39*H39,2)","v":2989.45},624.80999999999995]
["4.30","Sinapi",100674,"CAIXILHO FIXO DE ALUMÍNIO PARA VIDRO (VIDRO INCLUSO), BATENTE/ REQUADRO DE 4 A 14 CM, SEM GUARNIÇÃO/ ALIZAR, FIXAÇÃO COM PARAFUSOS, VEDAÇÃO COM SILICONE, EXCLUSIVE CONTRAMARCO -\nFORNECIMENTO E INSTALAÇÃO. AF_11/2024","m²",8.85,794.17,999.93944700000009,{"$f":"ROUND(F40*H40,2)","v":8849.4599999999991},794.17]
["4.31","CPU","CPU007","REVESTIMENTO CERÂMICO PARA PISO COM PLACAS TIPO ESMALTADA DE DIMENSÕES 45x45cm COM ARGAMASSA AC III","m²",60,37.18524,46.819935684000008,{"$f":"ROUND(F41*H41,2)","v":2809.2},{"$f":"CPU!I171","v":37.18524}]
["4.32","Sinapi",94228,"CALHA EM CHAPA DE AÇO GALVANIZADO NÚMERO 24, DESENVOLVIMENTO DE 50 CM, INCLUSO TRANSPORTE VERTICAL. AF_07/2019","m",24,80.260000000000005,101.05536600000002,{"$f":"ROUND(F42*H42,2)","v":2425.33},80.260000000000005]
["4.33",null,null,"INSTALAÇÕES PREDIAIS",{"$nulls":4},{"$f":"SUM(I44:I47)","v":13890}]
["4.34","CPU","CPU001",{"$f":"[2]CPU!$A$65","v":"EXECUÇÃO DE INSTALAÇÕES HIDROSSANITÁRIAS, EXCLUSIVE EQUIPAMENTOS"},{"$f":"[2]CPU!$I$78","v":"cj"},1,{"$f":"J44","v":2636.4},{"$f":"(G44*K$1)","v":3319.4912400000003},{"$f":"ROUND(F44*H44,2)","v":3319.49},{"$f":"CPU!I44","v":2636.4}]
["4.35","CPU","CPU002",{"$f":"[2]CPU!$A$78","v":"EXECUÇÃO DE INSTALAÇÕES ELÉTRICAS, EXCLUSIVE EQUIPAMENTOS"},{"$f":"[2]CPU!$I$78","v":"cj"},1,2852.3999999999996,{"$f":"(G45*K$1)","v":3591.4568399999998},{"$f":"ROUND(F45*H45,2)","v":3591.46},{"$f":"CPU!I57","v":2852.3999999999996}]
["4.36","SINAPI",98052,"TANQUE SÉPTICO CIRCULAR, EM CONCRETO PRÉ-MOLDADO, DIÂMETRO INTERNO = 1,10 M, ALTURA INTERNA = 2,50 M, VOLUME ÚTIL: 2138,2 L (PARA 5 CONTRIBUINTES).","un",1,2196.6999999999998,2765.8649700000001,2765.86,2196.6999999999998]
["4.37","SINAPI",98062,"SUMIDOURO CIRCULAR, EM CONCRETO PRÉ-MOLDADO, DIÂMETRO INTERNO = 1,88 M, ALTURA INTERNA = 2,00 M, ÁREA DE INFILTRAÇÃO: 13,1 M² (PARA 5 CONTRIBUINTES)","un",1,3346.19,4213.1878290000004,4213.1899999999996,3346.19]
["4.38",null,null,"SERVIÇOS DIVERSOS",{"$nulls":4},{"$f":"SUM(I49:I54)","v":33147.050000000003}]
["4.39","CPU","CPU003",{"$f":"[2]CPU!$A$140","v":"CORTE DE CONTAINER PARA ESQUADRIAS"},{"$f":"[2]CPU!$I$140","v":"m²"},12.65,{"$f":"J49","v":163.96922999999998},{"$f":"(G49*K$1)","v":206.45365749300001},{"$f":"ROUND(F49*H49,2)","v":2611.64},{"$f":"CPU!I76","v":163.96922999999998}]
["4.40","CPU","CPU004",{"$f":"[2]CPU!$A$182","v":"MODIFICAÇÕES NO CONTAINER COM CORTE POR ESMERILHADEIRA "},{"$f":"[2]CPU!$I$182","v":"m"},57.68,86.125199999999992,{"$f":"(G50*K$1)","v":108.44023932},6254.83,{"$f":"CPU!I118","v":86.125199999999992}]
["4.41","CPU","CPU005",{"$f":"[2]CPU!$A$200","v":"MODIFICAÇÕES NO CONTAINER UNIÃO ATRAVÉS DO PROCESSO DE SOLDAGEM, INCLUSO IÇAMENTO DO CONTAINER"},{"$f":"[2]CPU!$I$200","v":"m"},40.799999999999997,362.33710600000001,456.21865016460004,18613.72,{"$f":"CPU!I140","v":362.33710600000001}]
["4.42","ORSE","00900/ORSE","ESCADA DE FERRO COM GUARDA-CORPO","m",0.9,601.49,757.33605900000009,681.6,601.49]
["4.43","CPU","CPU011","GUARDA-CORPO DE AÇO CARBONO, MONTANTES TUBULARES DE 1.1/2\" ESPAÇADOS EM 0,75M, ALTURA APROXIMADA DE 0,90M, PREPARADO COM FUNDO E TINTA EPÓXI NA COR AMARELA","m",1.9,464.51237300000003,584.86752884430007,1111.25,{"$f":"CPU!I233","v":464.51237300000003}]
["4.44","CPU","CPU013","FORNECIMENTO E INSTALAÇÃO DE SUPORTE PARA CAIXA D'ÁGUA EM METALON","un",1,3076.8069044000003,3874.0075733300409,3874.01,{"$f":"CPU!I287","v":3076.8069044000003}]
["4.45",null,null,"MATERIAIS",{"$nulls":4},{"$f":"SUM(I56:I104)","v":147827.08999999997}]
["4.46","Cotação",null,"CONTAINER HIGH CUBE 40 PÉS 12,2X2,3X2,9 (COMPXLARGXALTU)","un",2,{"$f":"J56","v":15133.33},{"$f":"(G56*K$2)","v":17191.462879999999},{"$f":"ROUND(F56*H56,2)","v":34382.93},{"$f":"CPU!I267","v":15133.33}]
["4.47","Sinapi",89356,"TUBO PVC, SOLDAVEL, DN 25 MM, AGUA FRIA (NBR-5648)","m",6,21.81,{"$f":"(G57*K$2)","v":24.776159999999997},148.66,21.81]
["4.48","Sinapi",89357,"TUBO PVC, SOLDAVEL, DN 32 MM, AGUA FRIA (NBR-5648)","m",18,29.7,33.739199999999997,607.30999999999995,29.7]
["4.49","Sinapi",89448,"TUBO PVC, SOLDAVEL, DN 40 MM, AGUA FRIA (NBR-5648) ","m",3,14.29,16.233439999999998,48.7,14.29]
["4.50","Sinapi",9838,"TUBO PVC SERIE NORMAL, DN 50 MM, PARA ESGOTO PREDIAL (NBR 5688) ","m",30,7.8,8.8607999999999993,265.82,7.8]
["4.51","Sinapi",89362,"JOELHO 90 GRAUS, PVC, SOLDÁVEL, DN 25MM, INSTALADO EM RAMAL OU SUB-RAMAL DE ÁGUA - FORNECIMENTO E INSTALAÇÃO. AF_06/2022","un",5,8.8000000000000007,9.9968000000000004,49.98,8.8000000000000007]
["4.52","Sinapi",89367,"JOELHO 90 GRAUS, PVC, SOLDÁVEL, DN 32MM, INSTALADO EM RAMAL OU SUB-RAMAL DE ÁGUA - FORNECIMENTO E INSTALAÇÃO. AF_06/2022","un",4,12.02,13.654719999999998,54.62,12.02]
["4.53","Sinapi",89497,"JOELHO 90 GRAUS, PVC, SOLDÁVEL, DN 40MM, INSTALADO EM PRUMADA DE ÁGUA - FORNECIMENTO E INSTALAÇÃO. AF_06/2022","un",3,11.8,13.4048,40.21,11.8]
["4.54","Sinapi",3874,"LUVA SOLDAVEL COM BUCHA DE LATÃO DN25X1/2\"","un",5,5.26,5.9753599999999993,29.88,5.26]
["4.55","Sinapi",12909,"CAP PVC, SOLDAVEL, DN 50 MM, SERIE NORMAL, PARA ESGOTO PREDIAL","un",3,3.25,3.6919999999999997,11.08,3.25]
["4.56","Sinapi",7136,"TE DE REDUCAO, PVC, SOLDAVEL, 90 GRAUS, 32 MM X 25 MM, PARA AGUA FRIA PREDIAL","un",5,5.87,6.6683199999999996,33.340000000000003,5.87]
["4.57","Sinapi",97,"ADAPTADOR PVC SOLDAVEL, COM FLANGE E ANEL DE VEDACAO, 32 MM X 1\", PARA CAIXA D'ÁGUA","un",1,16.29,18.505439999999997,18.510000000000002,16.29]
["4.58","Sinapi",98,"ADAPTADOR PVC SOLDAVEL, COM FLANGE E ANEL DE VEDACAO, 40 MM X 1 1/4\", PARA CAIXA D'ÁGUA","un",1,24.38,27.695679999999996,27.7,24.38]
["4.59","Sinapi",11871,"CAIXA D'AGUA EM POLIETILENO 500 LITROS, COM TAMPA","un",1,423.75,481.37999999999994,481.38,423.75]
["4.60","Sinapi",94795,"TORNEIRA DE BOIA PARA CAIXA D'ÁGUA, ROSCÁVEL, 1/2\" - FORNECIMENTO E INSTALAÇÃO. AF_08/2021","un",1,35.39,40.203039999999994,40.200000000000003,35.39]
["4.61","Sinapi",799,"BUCHA DE REDUCAO PVC, ROSCAVEL, 1\" X 1/2\"","un",1,3.08,3.4988799999999998,3.5,3.08]
["4.62","Sinapi",11746,"VALVULA DE ESFERA BRUTA EM BRONZE, BITOLA 1”","un",1,84.11,95.548959999999994,95.55,84.11]
["4.63","Sinapi",4177,"NIPLE DE FERRO GALVANIZADO, COM ROSCA BSP, DE 1/2\"","un",1,5.3,6.0207999999999995,{"$f":"ROUND(F73*H73,2)","v":6.02},5.3]
["4.64","Sinapi",3855,"LUVA SOLDAVEL COM BUCHA DE LATÃO DN25X1/2\"","un",1,4.54,5.1574399999999994,{"$f":"ROUND(F74*H74,2)","v":5.16},4.54]
["4.65","Sinapi",11674,"REGISTRO ESFERA PVC DN25 SOLDAVEL","un",1,25.69,29.18384,{"$f":"ROUND(F75*H75,2)","v":29.18},25.69]
["4.66","Sinapi",35277,"CAIXA DE GORDURA EM PVC, DIAMETRO MINIMO 300 MM, DIAMETRO DE SAIDA 100 MM CAPACIDADE APROXIMADA 18 LITROS, COM TAMPA E CESTO","un",2,303.92,345.25311999999997,{"$f":"ROUND(F76*H76,2)","v":690.51},303.92]
["4.67","Sinapi",89482,"CAIXA SIFONADA, PVC, DN 100 X 100 X 50 MM, FORNECIDA E INSTALADA EM RAMAIS DE ENCAMINHAMENTO DE ÁGUA PLUVIAL. AF_06/2022","un",5,37.97,43.133919999999996,215.67,37.97]
["4.68","Sinapi",89502,"JOELHO 45 GRAUS, PVC, SOLDÁVEL, DN 50MM, INSTALADO EM PRUMADA DE ÁGUA - FORNECIMENTO E INSTALAÇÃO. AF_06/2022","un",4,15.11,17.164959999999997,68.66,15.11]
["4.69","Sinapi",89501,"JOELHO 90 GRAUS, PVC, SOLDÁVEL, DN 50MM, INSTALADO EM PRUMADA DE ÁGUA - FORNECIMENTO E INSTALAÇÃO. AF_06/2022","un",10,12.92,14.677119999999999,146.77000000000001,12.92]
["4.70","Sinapi",103995,"LUVA, PVC, SOLDÁVEL, DN 50MM, INSTALADO EM RAMAL DE DISTRIBUIÇÃO DE ÁGUA - FORNECIMENTO E INSTALAÇÃO. AF_06/2022","un",21,13.64,15.495039999999999,325.39999999999998,13.64]
["4.71","Sinapi",89567,"JUNÇÃO SIMPLES, PVC, SERIE R, ÁGUA PLUVIAL, DN 100 X 100 MM, JUNTA ELÁSTICA, FORNECIDO E INSTALADO EM RAMAL DE ENCAMINHAMENTO. AF_06/2022","un",6,65.81,74.760159999999999,448.56,65.81]
["4.72","Sinapi",12909,"CAP PVC, SOLDAVEL, DN 50 MM, SERIE NORMAL, PARA ESGOTO","un",1,3.25,3.6919999999999997,3.69,3.25]
["4.73","Sinapi",34628,"DISJUNTOR TIPO DIN/IEC, BIPOLAR 63 A","un",1,67.099999999999994,76.225599999999986,76.23,67.099999999999994]
["4.74","Sinapi",34616,"DISJUNTOR TIPO DIN/IEC, BIPOLAR DE 6 ATE 32A","un",6,47.58,54.050879999999992,324.31,47.58]
["4.75","ORSE","07943/ORSE","DISJUNTOR BIPOLAR DR 25A - DISPOSITIVO DIFERENCIAL RESIDUAL, TIPO AC, 30MA","un",3,278.5,316.37599999999998,949.13,278.5]
["4.76","Sinapi",39805,"QUADRO DE DISTRIBUICAO, EM PVC, DE EMBUTIR, COM BARRAMENTO TERRA / NEUTRO, PARA 12 DISJUNTORES NEMA OU 16 DISJUNTORES DIN","un",1,157.11000000000001,178.47695999999999,178.48,157.11000000000001]
["4.77","Sinapi",1014,"CABO DE COBRE, FLEXIVEL, CLASSE 4 OU 5, ISOLACAO EM PVC/A, ANTICHAMA BWF-B, 1 CONDUTOR, 450/750 V, SECAO NOMINAL 2,5 MM2","m",397.5,2.79,3.1694399999999998,1259.8499999999999,2.79]
["4.78","Sinapi",39471,"DISPOSITIVO DPS CLASSE II, 1 POLO, TENSAO MAXIMA DE 275 V, CORRENTE MAXIMA DE *45* KA (TIPO AC)","un",2,95.55,108.54479999999998,217.09,95.55]
["4.79","Sinapi",981,"CABO DE COBRE, FLEXIVEL, CLASSE 4 OU 5, ISOLACAO EM PVC/A, ANTICHAMA BWF-B, 1 CONDUTOR, 450/750 V, SECAO NOMINAL 4 MM2","m",77.58,4.62,5.2483199999999997,407.16,4.62]
["4.80","Sinapi",993,"CABO DE COBRE, FLEXIVEL, CLASSE 4 OU 5, ISOLACAO EM PVC/A, ANTICHAMA BWF-B, COBERTURA PVC-ST1, ANTICHAMA BWF-B, 1 CONDUTOR, 0,6/1 KV, SECAO NOMINAL 1,5 MM2","m",396.4,2.37,2.69232,1067.24,2.37]
["4.81","Sinapi",38076,"TOMADAS (2 MODULOS) 2P+T 10A, 250V, CONJUNTO MONTADO PARA EMBUTIR 4\" X 2\" (PLACA + SUPORTE + MODULOS)","un",11,21.15,24.026399999999995,264.29000000000002,21.15]
["4.82","Sinapi",1871,"CAIXA OCTOGONAL DE FUNDO MOVEL, EM PVC, DE 3\" X 3\", PARA ELETRODUTO FLEXIVEL CORRUGADO","un",8,5.08,5.77088,46.17,5.08]
["4.83","Sinapi",2689,"ELETRODUTO PVC FLEXIVEL CORRUGADO, COR AMARELA, DE 20 MM","m",15.53,3.02,3.4307199999999995,53.28,3.02]
["4.84","Sinapi",2688,"ELETRODUTO PVC FLEXIVEL CORRUGADO, COR AMARELA, DE 25 MM","m",71.739999999999995,3.27,3.7147199999999998,266.49,3.27]
["4.85","Sinapi",20111,"FITA ISOLANTE ADESIVA ANTICHAMA, USO ATE 750 V, EM ROLO DE 19 MM X 20 M","un",6,30.63,34.795679999999997,208.77,30.63]
["4.86","Sinapi",1873,"CAIXA DE PASSAGEM, EM PVC, DE 4\" X 4\", PARA ELETRODUTO FLEXIVEL CORRUGADO","un",1,5.65,6.4184000000000001,6.42,5.65]
["4.87","Sinapi",38063,"INTERRUPTOR PARALELO 10A, 250V, CONJUNTO MONTADO PARA EMBUTIR 4\" X 2\" (PLACA + SUPORTE + MODULO)","un",4,11.38,12.927680000000001,51.71,11.38]
["4.88","Sinapi",38078,"INTERRUPTOR PARALELO + TOMADA 2P+T 10A, 250V, CONJUNTO MONTADO PARA EMBUTIR 4\" X 2\" (PLACA + SUPORTE + MODULOS)","un",1,19.53,22.18608,22.19,19.53]
["4.89","Sinapi",38775,"LUMINARIA TIPO TARTARUGA PARA AREA EXTERNA EM ALUMINIO, COM GRADE, PARA 1 LAMPADA, BASE E27, POTENCIA MAXIMA 40/60 W (NAO INCLUI LAMPADA)","un",8,80.790000000000006,91.777439999999999,734.22,80.790000000000006]
["4.90","Sinapi",10569,"CAIXA DE PASSAGEM / DERIVACAO / LUZ, OCTOGONAL 4 X4, EM ACO ESMALTADA, COM FUNDO MOVEL SIMPLES (FMS)","un",6,3.18,3.6124799999999997,{"$f":"ROUND(F100*H100,2)","v":21.67},3.18]
["4.91","Sinapi",100954,"TRANSPORTE COM CAMINHÃO CARROCERIA COM GUINDAUTO (MUNCK),  MOMENTO MÁXIMO DE CARGA 11,7 TM, EM VIA INTERNA (DENTRO DO CANTEIRO - UNIDADE: TXKM). AF_07/2020","TXKM",600,8.9700000000000006,10.189919999999999,{"$f":"ROUND(F101*H101,2)","v":6113.95},8.9700000000000006]
["4.92","Sinapi",100788,"KIT CAVALETE PARA GÁS - SEM MEDIDOR OU REGULADOR - ENTRADA INDIVIDUAL PRINCIPAL, EM AÇO GALVANIZADO DN 15 E 25 MM (1/2\" E 1\") - FORNECIMENTO E INSTALAÇÃO","und",1,753.89,856.41903999999988,{"$f":"ROUND(F102*H102,2)","v":856.42},753.89]
["4.93","CPU","CPU008","CHAPA XADREZ EM ALUMINIO PARA PISO e:3mm, INCLUSO REBITE PARA FIXAÇÃO - APENAS MATERIAL","m²",56.543999999999997,471.5,535.62399999999991,{"$f":"ROUND(F103*H103,2)","v":30286.32},{"$f":"CPU!I183","v":471.5}]
["4.94","CPU","CPU006","REVESTIMENTO DE PAREDES EM CHAPAS DE AÇO INOXIDÁVEL AISI 304  - APENAS MATERIAL","m²",160.29,363.21,412.60655999999994,{"$f":"ROUND(F104*H104,2)","v":66136.710000000006},{"$f":"CPU!I152","v":363.21}]

{"sheet":"CPU","index":2,"n_rows":287,"n_cols":9,"rows_kept":287,"cut":false,"hidden":false,"merged":[[8,0,8,6],[28,0,28,7],[29,0,29,7],[30,0,30,7],[31,0,31,8],[32,0,32,7],[33,0,33,6],[0,0,0,8],[1,0,1,8],[2,0,2,8],[3,0,4,6],[3,7,3,8],[4,7,4,8],[5,0,5,8],[6,0,6,8],[7,0,7,7],[10,0,10,8],[18,0,18,7],[19,0,19,8],[26,0,26,7],[27,0,27,2],[27,4,27,7],[42,0,42,7],[43,0,43,7],[44,0,44,8],[45,0,45,7],[46,0,46,6],[47,0,47,6],[34,0,34,6],[35,0,35,8],[39,0,39,7],[40,0,40,2],[40,4,40,7],[41,0,41,7],[56,0,56,7],[57,0,57,8],[48,0,48,8],[52,0,52,7],[53,0,53,2],[53,4,53,7],[54,0,54,7],[55,0,55,7],[58,0,58,8],[59,0,59,7],[60,0,60,6],[73,0,73,7],[74,0,74,7],[75,0,75,7],[76,0,76,8],[77,0,77,7],[78,0,78,6],[61,0,61,6],[62,0,62,8],[66,0,66,7],[67,0,67,8],[71,0,71,7],[72,0,72,2],[72,4,72,7],[86,0,86,7],[87,0,87,7],[88,0,88,8],[89,0,89,7],[90,0,90,6],[91,0,91,6],[79,0,79,6],[80,0,80,8],[83,0,83,7],[84,0,84,2],[84,4,84,7],[85,0,85,7],[99,0,99,7],[100,0,100,8],[101,0,101,7],[102,0,102,6],[103,0,103,6],[104,0,104,8],[92,0,92,8],[95,0,95,7],[96,0,96,2],[96,4,96,7],[97,0,97,7],[98,0,98,7],[116,0,116,7],[117,0,117,7],[118,0,118,8],[119,0,119,7],[120,0,120,6],[121,0,121,6],[108,0,108,7],[109,0,109,8],[113,0,113,7],[114,0,114,2],[114,4,114,7],[115,0,115,7],[136,0,136,2],[136,4,136,7],[137,0,137,7],[138,0,138,7],[139,0,139,7],[140,0,140,8],[122,0,122,8],[127,0,127,7],[128,0,128,8],[131,0,131,7],[132,0,132,8],[135,0,135,7],[149,0,149,7],[150,0,150,7],[151,0,151,7],[141,0,141,7],[142,0,142,6],[143,0,143,6],[144,0,144,8],[148,0,148,7],[162,0,162,8],[166,0,166,7],[167,0,167,2],[167,4,167,7],[168,0,168,7],[169,0,169,7],[152,0,152,8],[153,0,153,7],[154,0,154,6],[155,0,155,6],[156,0,156,8],[161,0,161,7],[187,0,187,8],[191,0,191,7],[192,0,192,2],[192,4,192,7],[193,0,193,7],[170,0,170,7],[172,0,172,8],[173,0,173,7],[174,0,174,6],[175,0,175,6],[176,0,176,8],[184,0,184,7],[185,0,185,6],[186,0,186,6],[182,0,182,7],[180,0,180,7],[181,0,181,7],[194,0,194,7],[195,0,195,7],[197,0,197,7],[198,0,198,6],[199,0,199,6],[200,0,200,8],[204,0,204,7],[205,0,205,2],[205,4,205,7],[206,0,206,7],[207,0,207,7],[237,0,237,8],[241,0,241,7],[235,0,235,6],[236,0,236,6],[242,0,242,8],[223,0,223,7],[224,0,224,8],[228,0,228,7],[229,0,229,2],[229,4,229,7],[230,0,230,7],[211,0,211,7],[212,0,212,6],[213,0,213,6],[214,0,214,8],[234,0,234,7],[208,0,208,7],[258,0,258,7],[259,0,259,8],[262,0,262,7],[263,0,263,2],[263,4,263,7],[264,0,264,7],[231,0,231,7],[232,0,232,7],[251,0,251,7],[252,0,252,6],[253,0,253,6],[254,0,254,8],[245,0,245,7],[246,0,246,2],[246,4,246,7],[247,0,247,7],[248,0,248,7],[249,0,249,7],[285,0,285,7],[286,0,286,7],[277,0,277,7],[278,0,278,8],[282,0,282,7],[283,0,283,2],[283,4,283,7],[284,0,284,7],[265,0,265,7],[266,0,266,7],[268,0,268,7],[269,0,269,6],[270,0,270,6],[271,0,271,8]]}
["MINISTÉRIO DA INTEGRAÇÃO E DO DESENVOLVIMENTO REGIONAL"]
["COMPANHIA DE DESENVOLVIMENTO DOS VALES DO SÃO FRANCISCO E DO PARNAÍBA"]
["SEDE"]
["PLANILHA ORÇAMENTÁRIA DE ESTIMATIVA GERAL PARA O ESTADO DO AMAPÁ",{"$nulls":6},"Base SINAPI-AP 03/2025      ORSE 02/2025"]
[{"$nulls":7},"Data: Maio/2025"]
["COMPOSIÇÕES DE PREÇO UNITÁRIO"]
[]
[" COMPOSIÇÃO DE PREÇO UNITÁRIO",{"$nulls":7},"CPU003"]
["DESCRIÇÃO DO SERVIÇO",{"$nulls":6},"DATA BASE: ","2024-07-01"]
["ADMINISTRAÇÃO LOCAL ",{"$nulls":6},"UNIDADE: ","mês"]
["MATERIAL"]
["BASE","CÓDIGO","DISCRIMINAÇÃO","UNI","QUANT.","PROD","P.UN.PROD","P.UN.IMPR","P.TOTAL"]
["MERCADO",null,"ALUGUEL","mês",1,null,null,800,{"$f":"E13*H13","v":800}]
["MERCADO",null,"TELEFONE E INTERNET","mês",1,null,null,99.9,99.9]
["MERCADO",null,"ENERGIA ELÉTRICA","kwh",200,null,null,0.53,106]
["MERCADO",null,"ÁGUA E ESGOTO","mês",1,null,null,100,100]
["MERCADO",null,"MATERIAL PARA ESCRITÓRIO","mês",1,null,null,150,150]
["MERCADO",null,"MATERIAL DE LIMPEZA","mês",1,null,null,50,50]
["SUB-TOTAL",{"$nulls":7},{"$f":"SUM(I13:I18)","v":1305.9000000000001}]
["MÃO DE OBRA"]
["BASE","CÓDIGO","DISCRIMINAÇÃO","UNI","QUANT.",null,null,"P.UNIT.","P.TOTAL"]
["MERCADO",null,"ENGENHEIRO DE OBRA ","mês",1,null,null,8483,{"$f":"E22*H22","v":8483}]
["MERCADO",null,"MESTRE DE OBRAS","mês",1,null,null,4515.12,{"$f":"E23*H23","v":4515.12}]
["MERCADO",null,"AUXILIAR DE ESCRITORIO COM ENCARGOS COMPLEMENTARES ","mês",1,null,null,1100,{"$f":"E24*H24","v":1100}]
["MERCADO",null,"TÉCNICO EM SEGURANÇA DO TRABALHO","h",44,null,null,27.26,{"$f":"E25*H25","v":1199.44}]
["MERCADO",null,"VIGIA","mês",1,null,null,1100,{"$f":"E26*H26","v":1100}]
["SUB-TOTAL",{"$nulls":7},{"$f":"SUM(I22:I26)","v":16397.559999999998}]
["PRODUÇÃO DA EQUIPE",null,null,1,"CUSTO ",null,null,null,{"$f":"I27+I19","v":17703.46}]
["TOTAL - R$",{"$nulls":7},{"$f":"I28/D28","v":17703.46}]
["BDI                %",{"$nulls":7},1]
["TOTAL DO SERVIÇO - R$",{"$nulls":7},{"$f":"I29*I30","v":17703.46}]
[]
[" COMPOSIÇÃO DE PREÇO UNITÁRIO",{"$nulls":7},"CPU001"]
["DESCRIÇÃO DO SERVIÇO",{"$nulls":6},"DATA BASE: ","2025-03-01"]
["EXECUÇÃO DE INSTALAÇÕES HIDROSSANITÁRIAS, EXCLUSIVE EQUIPAMENTOS",{"$nulls":6},"UNIDADE: ","cj"]
["MÃO DE OBRA"]
["BASE","CÓDIGO","DISCRIMINAÇÃO","UNI","QUANT.",null,null,"P.UNIT.","P.TOTAL"]
["SINAPI",88316,"SERVENTE DE OBRAS ","h",80,null,null,19.850000000000001,{"$f":"E38*H38","v":1588}]
["SINAPI",88309,"PEDREIRO","h",40,null,null,26.21,{"$f":"E39*H39","v":1048.4000000000001}]
["SUB-TOTAL",{"$nulls":7},{"$f":"SUM(I38:I39)","v":2636.4}]
["PRODUÇÃO DA EQUIPE",null,null,1,"CUSTO ",null,null,null,{"$f":"SUM(I40)","v":2636.4}]
["TOTAL - R$",{"$nulls":7},{"$f":"I41/D41","v":2636.4}]
["BDI                %",{"$nulls":7},1]
["TOTAL DO SERVIÇO - R$",{"$nulls":7},{"$f":"I42*I43","v":2636.4}]
[]
[" COMPOSIÇÃO DE PREÇO UNITÁRIO",{"$nulls":7},"CPU002"]
["DESCRIÇÃO DO SERVIÇO",{"$nulls":6},"DATA BASE: ","2025-03-01"]
["EXECUÇÃO DE INSTALAÇÕES ELÉTRICAS, EXCLUSIVE EQUIPAMENTOS",{"$nulls":6},"UNIDADE: ","cj"]
["MÃO DE OBRA"]
["BASE","CÓDIGO","DISCRIMINAÇÃO","UNI","QUANT.",null,null,"P.UNIT.","P.TOTAL"]
["SINAPI",88247,"AUXILIAR DE ELETRICISTA","h",80,null,null,22.36,{"$f":"E51*H51","v":1788.8}]
["SINAPI",88264,"ELETRICISTA","h",40,null,null,26.59,{"$f":"E52*H52","v":1063.5999999999999}]
["SUB-TOTAL",{"$nulls":7},{"$f":"SUM(I51:I52)","v":2852.3999999999996}]
["PRODUÇÃO DA EQUIPE",null,null,1,"CUSTO ",null,null,null,{"$f":"SUM(I53)","v":2852.3999999999996}]
["TOTAL - R$",{"$nulls":7},{"$f":"I54/D54","v":2852.3999999999996}]
["BDI                %",{"$nulls":7},1]
["TOTAL DO SERVIÇO - R$",{"$nulls":7},{"$f":"I55*I56","v":2852.3999999999996}]
[]
[]
[" COMPOSIÇÃO DE PREÇO UNITÁRIO",{"$nulls":7},"CPU003"]
["DESCRIÇÃO DO SERVIÇO",{"$nulls":6},"DATA BASE: ","2025-03-01"]
["CORTE DE CONTAINER PARA ESQUADRIAS",{"$nulls":6},"UNIDADE: ","m²"]
["MATERIAL"]
["BASE","CÓDIGO","DISCRIMINAÇÃO","UNI","QUANT.",null,null,"P.UNIT.","P.TOTAL"]
["SINAPI",11359,"ESMERILHADEIRA ANGULAR ELETRICA, DIAMETRO DO DISCO 7 '' (180 MM), ROTACAO 8500RPM, POTENCIA 2400 W","un",7.0999999999999994E-2,null,null,920.13,{"$f":"E65*H65","v":65.329229999999995}]
["SINAPI",44531,"DISCO DE CORTE DIAMANTADO SEGMENTADO DIAMETRO DE 180 MM PARA ESMERILHADEIRA 7 \"","un",1,null,null,72.16,{"$f":"E66*H66","v":72.16}]
["SUB-TOTAL",{"$nulls":7},{"$f":"SUM(I65:I66)","v":137.48922999999999}]
["MÃO DE OBRA"]
["BASE","CÓDIGO","DISCRIMINAÇÃO","UNI","QUANT.",null,null,"P.UNIT.","P.TOTAL"]
["SINAPI",88317,"SOLDADOR COM ENCARGOS COMPLEMENTARES ","h",0.5,null,null,26.95,{"$f":"E70*H70","v":13.475}]
["SINAPI",88315,"SERRALHEIRO COM ENCARGOS COMPLEMENTARES ","h",0.5,null,null,26.01,{"$f":"E71*H71","v":13.005000000000001}]
["SUB-TOTAL",{"$nulls":7},{"$f":"SUM(I70:I71)","v":26.48}]
["PRODUÇÃO DA EQUIPE",null,null,1,"CUSTO ",null,null,null,{"$f":"I72+I67","v":163.96922999999998}]
["TOTAL - R$",{"$nulls":7},{"$f":"I73/D73","v":163.96922999999998}]
["BDI                %",{"$nulls":7},1]
["TOTAL DO SERVIÇO - R$",{"$nulls":7},{"$f":"I74*I75","v":163.96922999999998}]
[]
[" COMPOSIÇÃO DE PREÇO UNITÁRIO",{"$nulls":7},"CPU010"]
["DESCRIÇÃO DO SERVIÇO",{"$nulls":6},"DATA BASE: ","2024-07-01"]
["FORNECIMENTO E MONTAGEM DE ESTRUTURA PARA COBERTURA COM ÁREA TOTAL DE 86,27 M² INCLUINDO CALHA E TELHA SANDUÍCHE",{"$nulls":6},"UNIDADE: ","cj"]
["MÃO DE OBRA"]
["BASE","CÓDIGO","DISCRIMINAÇÃO","UNI","QUANT.",null,null,"P.UNIT.","P.TOTAL"]
["COTAÇÃO",null,"FABRICAÇÃO E MONTAGEM DE ESTRUTURA METÁLICA PARA COBERTURA DE UNIDADE COM ÁREA TOTAL DE 86,26 M²","cj",1,null,null,24877.99,{"$f":"E83*H83","v":24877.99}]
["SUB-TOTAL",{"$nulls":7},{"$f":"SUM(I83:I83)","v":24877.99}]
["PRODUÇÃO DA EQUIPE",null,null,1,"CUSTO ",null,null,null,{"$f":"SUM(I84)","v":24877.99}]
["TOTAL - R$",{"$nulls":7},{"$f":"I85/D85","v":24877.99}]
["BDI                %",{"$nulls":7},1]
["TOTAL DO SERVIÇO - R$",{"$nulls":7},{"$f":"I86*I87","v":24877.99}]
[]
[" COMPOSIÇÃO DE PREÇO UNITÁRIO",{"$nulls":7},"CPU011"]
["DESCRIÇÃO DO SERVIÇO",{"$nulls":6},"DATA BASE: ","2024-07-01"]
["FORNECIMENTO E MONTAGEM DE ESTRUTURA PARA COBERTURA COM ÁREA TOTAL DE 137,9 M² INCLUINDO CALHA E TELHA SANDUÍCHE",{"$nulls":6},"UNIDADE: ","cj"]
["MÃO DE OBRA"]
["BASE","CÓDIGO","DISCRIMINAÇÃO","UNI","QUANT.",null,null,"P.UNIT.","P.TOTAL"]
["COTAÇÃO",null,"FABRICAÇÃO E MONTAGEM DE ESTRUTURA METÁLICA PARA COBERTURA DE UNIDADE COM ÁREA TOTAL DE 137,9 M²","cj",1,null,null,39043.9,{"$f":"E95*H95","v":39043.9}]
["SUB-TOTAL",{"$nulls":7},{"$f":"SUM(I95:I95)","v":39043.9}]
["PRODUÇÃO DA EQUIPE",null,null,1,"CUSTO ",null,null,null,{"$f":"SUM(I96)","v":39043.9}]
["TOTAL - R$",{"$nulls":7},{"$f":"I97/D97","v":39043.9}]
["BDI                %",{"$nulls":7},1]
["TOTAL DO SERVIÇO - R$",{"$nulls":7},{"$f":"I98*I99","v":39043.9}]
[]
[" COMPOSIÇÃO DE PREÇO UNITÁRIO",{"$nulls":7},"CPU004"]
["DESCRIÇÃO DO SERVIÇO",{"$nulls":6},"DATA BASE: ","2025-03-01"]
["MODIFICAÇÕES NO CONTAINER COM CORTE POR ESMERILHADEIRA ",{"$nulls":6},"UNIDADE: ","m"]
["MATERIAL"]
["BASE","CÓDIGO","DISCRIMINAÇÃO","UNI","QUANT.",null,null,"P.UNIT.","P.TOTAL"]
["SINAPI",11359,"ESMERILHADEIRA ANGULAR ELETRICA, DIAMETRO DO DISCO 7 '' (180 MM), ROTACAO 8500RPM, POTENCIA 2400 W","un",0.04,null,null,920.13,{"$f":"E107*H107","v":36.805199999999999}]
["SINAPI",44531,"DISCO DE CORTE DIAMANTADO SEGMENTADO DIAMETRO DE 180 MM PARA ESMERILHADEIRA 7 \"","un",0.5,null,null,72.16,{"$f":"E108*H108","v":36.08}]
["SUB-TOTAL",{"$nulls":7},{"$f":"SUM(I107:I108)","v":72.885199999999998}]
["MÃO DE OBRA"]
["BASE","CÓDIGO","DISCRIMINAÇÃO","UNI","QUANT.",null,null,"P.UNIT.","P.TOTAL"]
["SINAPI",88317,"SOLDADOR COM ENCARGOS COMPLEMENTARES ","h",0.25,null,null,26.95,{"$f":"E112*H112","v":6.7374999999999998}]
["SINAPI",88315,"SERRALHEIRO COM ENCARGOS COMPLEMENTARES ","h",0.25,null,null,26.01,{"$f":"E113*H113","v":6.5025000000000004}]
["SUB-TOTAL",{"$nulls":7},{"$f":"SUM(I112:I113)","v":13.24}]
["PRODUÇÃO DA EQUIPE",null,null,1,"CUSTO ",null,null,null,{"$f":"I114+I109","v":86.125199999999992}]
["TOTAL - R$",{"$nulls":7},{"$f":"I115/D115","v":86.125199999999992}]
["BDI                %",{"$nulls":7},1]
["TOTAL DO SERVIÇO - R$",{"$nulls":7},{"$f":"I116*I117","v":86.125199999999992}]
[]
[" COMPOSIÇÃO DE PREÇO UNITÁRIO",{"$nulls":7},"CPU005"]
["DESCRIÇÃO DO SERVIÇO",{"$nulls":6},"DATA BASE: ","2025-03-01"]
["MODIFICAÇÕES NO CONTAINER UNIÃO ATRAVÉS DO PROCESSO DE SOLDAGEM, INCLUSO IÇAMENTO DO CONTAINER",{"$nulls":6},"UNIDADE: ","m"]
["EQUIPAMENTO"]
["BASE","CÓDIGO","DISCRIMINAÇÃO","UNI","QUANT.",null,null,"P.UNIT.","P.TOTAL"]
["SINAPI",92716,"APARELHO PARA CORTE E SOLDA OXI-ACETILENO SOBRE RODAS, INCLUSIVE CILINDROS E MAÇARICOS ","chp",0.18459999999999999,null,null,109.45,{"$f":"E125*H125","v":20.204470000000001}]
["SINAPI",92715,"APARELHO PARA CORTE E SOLDA OXI-ACETILENO SOBRE RODAS, INCLUSIVE CILINDROS E MAÇARICOS - MATERIAIS NA OPERAÇÃO. ","h",1.56,null,null,109,{"$f":"E126*H126","v":170.04}]
["SINAPI",5928,"GUINDAUTO HIDRÁULICO, CAPACIDADE MÁXIMA DE CARGA 6200 KG, MOMENTO MÁXIMO DE CARGA 11,7 TM, ALCANCE MÁXIMO HORIZONTAL 9,70 M, INCLUSIVE CAMINHÃO TOCO PBT 16.000 KG, POTÊNCIA DE 189 CV","chp",0.23880000000000001,null,null,293.47000000000003,{"$f":"E127*H127","v":70.080636000000013}]
["SUB-TOTAL",{"$nulls":7},{"$f":"SUM(I125:I127)","v":260.32510600000001}]
["SERVIÇOS - COMPOSIÇÕES AUXILIARES"]
["BASE","CÓDIGO","DISCRIMINAÇÃO","UNI","QUANT.",null,null,"P.UNIT.","P.TOTAL"]
["SINAPI",98746,"SOLDA DE TOPO EM CHAPA/PERFIL/TUBO DE AÇO CHANFRADO, ESPESSURA=1/4''. ","m",1,null,null,59.97,{"$f":"E131*H131","v":59.97}]
["SUB-TOTAL",{"$nulls":7},{"$f":"SUM(I131:I131)","v":59.97}]
["MÃO DE OBRA"]
["BASE","CÓDIGO","DISCRIMINAÇÃO","UNI","QUANT.",null,null,"P.UNIT.","P.TOTAL"]
["SINAPI",88317,"SOLDADOR COM ENCARGOS COMPLEMENTARES ","h",1.56,null,null,26.95,{"$f":"E135*H135","v":42.042000000000002}]
["SUB-TOTAL",{"$nulls":7},{"$f":"SUM(I135:I135)","v":42.042000000000002}]
["PRODUÇÃO DA EQUIPE",null,null,1,"CUSTO ",null,null,null,{"$f":"I136+I132+I128","v":362.33710600000001}]
["TOTAL - R$",{"$nulls":7},{"$f":"I137/D137","v":362.33710600000001}]
["BDI                %",{"$nulls":7},1]
["TOTAL DO SERVIÇO - R$",{"$nulls":7},{"$f":"I138*I139","v":362.33710600000001}]
[]
[" COMPOSIÇÃO DE PREÇO UNITÁRIO",{"$nulls":7},"CPU006"]
["DESCRIÇÃO DO SERVIÇO",{"$nulls":6},"DATA BASE: ","2025-03-01"]
["REVESTIMENTO DE PAREDES EM CHAPAS DE AÇO INOXIDÁVEL AISI 304",{"$nulls":6},"UNIDADE: ","m²"]
["MATERIAL"]
["BASE","CÓDIGO","DISCRIMINAÇÃO","UNI","QUANT.",null,null,"P.UNIT.","P.TOTAL"]
["COTAÇÃO",null,"CHAPAS DE AÇO INOXIDÁVEL AISI 304","KG",9.6,null,null,34,{"$f":"H147*E147","v":326.39999999999998}]
["SINAPI",131,"ADESIVO ESTRUTURAL A BASE DE RESINA EPOXI, BICOMPONENTE, PASTOSO (TIXOTROPICO)","KG",0.6,null,null,61.35,{"$f":"H148*E148","v":36.81}]
["SUB-TOTAL",{"$nulls":7},{"$f":"SUM(I147:I148)","v":363.21}]
["TOTAL - R$",{"$nulls":7},{"$f":"I149","v":363.21}]
["BDI                %",{"$nulls":7},1]
["TOTAL DO SERVIÇO - R$",{"$nulls":7},{"$f":"I150*I151","v":363.21}]
[]
[" COMPOSIÇÃO DE PREÇO UNITÁRIO",{"$nulls":7},"CPU007"]
["DESCRIÇÃO DO SERVIÇO",{"$nulls":6},"DATA BASE: ","2025-03-01"]
["REVESTIMENTO CERÂMICO PARA PISO COM PLACAS TIPO ESMALTADA DE DIMENSÕES 45x45cm COM ARGAMASSA AC III",{"$nulls":6},"UNIDADE: ","m²"]
["MATERIAL"]
["BASE","CÓDIGO","DISCRIMINAÇÃO","UNI","QUANT.",null,null,"P.UNIT.","P.TOTAL"]
["Sinapi",37596,"ARGAMASSA COLANTE TIPO AC III E","KG",9.1325000000000003,null,null,3.03,{"$f":"H159*E159","v":27.671474999999997}]
["Sinapi",1287,"PISO EM CERAMICA ESMALTADA EXTRA, COR LISA, PEI MAIOR OU IGUAL A 4, FORMATO MENOR OU IGUAL A 5 CM2","m²",1.1135999999999999,null,null,20.65,{"$f":"H160*E160","v":22.995839999999998}]
["Sinapi",34357,"REJUNTE CIMENTÍCIO, QUALQUER COR","KG",0.188,null,null,5.05,{"$f":"H161*E161","v":0.94940000000000002}]
["SUB-TOTAL",{"$nulls":7},{"$f":"SUM(I160:I161)","v":23.945239999999998}]
["MÃO DE OBRA"]
["BASE","CÓDIGO","DISCRIMINAÇÃO","UNI","QUANT.",null,null,"P.UNIT.","P.TOTAL"]
["SINAPI",88317,"SOLDADOR COM ENCARGOS COMPLEMENTARES ","h",0.25,null,null,26.95,{"$f":"E165*H165","v":6.7374999999999998}]
["SINAPI",88315,"SERRALHEIRO COM ENCARGOS COMPLEMENTARES ","h",0.25,null,null,26.01,{"$f":"E166*H166","v":6.5025000000000004}]
["SUB-TOTAL",{"$nulls":7},{"$f":"SUM(I165:I166)","v":13.24}]
["PRODUÇÃO DA EQUIPE",null,null,1,"CUSTO ",null,null,null,{"$f":"I167+I162","v":37.18524}]
["TOTAL - R$",{"$nulls":7},{"$f":"I168/D168","v":37.18524}]
["BDI                %",{"$nulls":7},1]
["TOTAL DO SERVIÇO - R$",{"$nulls":7},{"$f":"I169*I170","v":37.18524}]
[]
[]
[" COMPOSIÇÃO DE PREÇO UNITÁRIO",{"$nulls":7},"CPU008"]
["DESCRIÇÃO DO SERVIÇO",{"$nulls":6},"DATA BASE: ","2025-03-01"]
["CHAPA XADREZ EM ALUMINIO PARA PISO e:3mm, INCLUSO REBITE PARA FIXAÇÃO",{"$nulls":6},"UNIDADE: ","m"]
["MATERIAL"]
["BASE","CÓDIGO","DISCRIMINAÇÃO","UNI","QUANT.",null,null,"P.UNIT.","P.TOTAL"]
["SINAPI",1337,"CHAPA DE ACO XADREZ PARA PISOS, E = 1/4\" (6,30 MM) 54,53 KG/M2","kg",38,null,null,10.210000000000001,{"$f":"E179*H179","v":387.98}]
["SINAPI",10997,"ELETRODO REVESTIDO AWS - E7018, DIAMETRO IGUAL A 4,00 MM","Kg",2.88,null,null,29,{"$f":"E180*H180","v":83.52}]
["SUB-TOTAL",{"$nulls":7},{"$f":"SUM(I179:I180)","v":471.5}]
["BDI                %",{"$nulls":7},1]
["TOTAL DO SERVIÇO - R$",{"$nulls":7},{"$f":"I181","v":471.5}]
[]
[" COMPOSIÇÃO DE PREÇO UNITÁRIO",{"$nulls":7},"CPU009"]
["DESCRIÇÃO DO SERVIÇO",{"$nulls":6},"DATA BASE: ","2025-03-01"]
["CHAPA XADREZ EM ALUMINIO PARA PISO e:3mm, INCLUSO REBITE PARA FIXAÇÃO   -  MÃO DE OBRA",{"$nulls":6},"UNIDADE: ","m"]
["MÃO DE OBRA"]
["BASE","CÓDIGO","DISCRIMINAÇÃO","UNI","QUANT.",null,null,"P.UNIT.","P.TOTAL"]
["SINAPI",88315,"SERRALHEIRO COM ENCARGOS","h",8.99,null,null,26.01,{"$f":"E190*H190","v":233.82990000000001}]
["SINAPI",88316,"SERVENTE COM ENCARGOS COMPLEMENTARES","h",6.42,null,null,19.850000000000001,{"$f":"E191*H191","v":127.43700000000001}]
["SUB-TOTAL",{"$nulls":7},{"$f":"SUM(I190:I191)","v":361.26690000000002}]
["PRODUÇÃO DA EQUIPE",null,null,1,"CUSTO ",null,null,null,{"$f":"I192","v":361.26690000000002}]
["TOTAL - R$",{"$nulls":7},{"$f":"I193/D193","v":361.26690000000002}]
["BDI                %",{"$nulls":7},1]
["TOTAL DO SERVIÇO - R$",{"$nulls":7},{"$f":"I194*I195","v":361.26690000000002}]
[]
[" COMPOSIÇÃO DE PREÇO UNITÁRIO",{"$nulls":7},"CPU0010"]
["DESCRIÇÃO DO SERVIÇO",{"$nulls":6},"DATA BASE: ","2025-03-01"]
["REVESTIMENTO DE PAREDES EM CHAPAS DE AÇO INOXIDÁVEL AISI 304 - CONSIDERANDO CHAPA DE 1,2mm",{"$nulls":6},"UNIDADE: ","M²"]
["MÃO DE OBRA"]
["BASE","CÓDIGO","DISCRIMINAÇÃO","UNI","QUANT.",null,null,"P.UNIT.","P.TOTAL"]
["SINAPI",88317,"SOLDADOR COM ENCARGOS COMPLEMENTARES ","h",0.8,null,null,26.95,{"$f":"E203*H203","v":21.560000000000002}]
["SINAPI",88315,"SERRALHEIRO COM ENCARGOS COMPLEMENTARES ","h",0.8,null,null,26.01,{"$f":"E204*H204","v":20.808000000000003}]
["SUB-TOTAL",{"$nulls":7},{"$f":"SUM(I203:I204)","v":42.368000000000009}]
["PRODUÇÃO DA EQUIPE",null,null,1,"CUSTO ",null,null,null,{"$f":"I205","v":42.368000000000009}]
["TOTAL - R$",{"$nulls":7},{"$f":"I206/D206","v":42.368000000000009}]
["BDI                %",{"$nulls":7},1]
["TOTAL DO SERVIÇO - R$",{"$nulls":7},{"$f":"I207*I208","v":42.368000000000009}]
[]
[]
[" COMPOSIÇÃO DE PREÇO UNITÁRIO",{"$nulls":7},"CPU011"]
["DESCRIÇÃO DO SERVIÇO",{"$nulls":6},"DATA BASE: ","2025-03-01"]
["GUARDA-CORPO DE AÇO CARBONO, MONTANTES TUBULARES DE 1.1/2\" ESPAÇADOS EM 0,75M, ALTURA APROXIMADA DE 0,90M, PREPARADO COM FUNDO E TINTA EPÓXI NA COR AMARELA",{"$nulls":6},"UNIDADE: ","m"]
["MATERIAL"]
["BASE","CÓDIGO","DISCRIMINAÇÃO","UNI","QUANT.",null,null,"P.UNIT.","P.TOTAL"]
["SINAPI",1332,"CHAPA DE ACO GROSSA, ASTM A36, E = 3/8 \" (9,53 MM) 74,69 KG/M2","KG","0,8960000",null,null,9.08,{"$f":"E217*H217","v":8.1356800000000007}]
["SINAPI",11002,"ELETRODO REVESTIDO AWS - E6013, DIAMETRO IGUAL A 2,50 MM","KG","0,0650000",null,null,27.85,1.8102500000000001]
["SINAPI",11964,"PARAFUSO DE ACO TIPO CHUMBADOR PARABOLT, DIAMETRO 3/8\", COMPRIMENTO 75 MM","UN","3,3330000",null,null,2.91,9.6990300000000005]
["SINAPI",21001,"TUBO ACO CARBONO COM COSTURA, NBR 5580, CLASSE L, DN = 25 MM, E = 2,65 MM, 2,02 KG/M","M",1.0417000000000001,null,null,17.39,18.115163000000003]
["SINAPI",21003,"TUBO ACO CARBONO COM COSTURA, NBR 5580, CLASSE L, DN = 40 MM, E = 3,0 MM, 3,34 KG/M","M",3.0250000000000004,null,null,28.57,86.424250000000015]
["SINAPI",100719,"PINTURA COM TINTA ALQUÍDICA DE FUNDO (TIPO ZARCÃO) PULVERIZADA SOBRE PERFIL METÁLICO EXECUTADO EM FÁBRICA (POR DEMÃO). AF_01/2020_PE","M2",1.1000000000000001,null,null,8.6,9.4600000000000009]
["SINAPI",100729,"PINTURA COM TINTA EPOXÍDICA DE ACABAMENTO PULVERIZADA SOBRE PERFIL METÁLICO EXECUTADO EM FÁBRICA (POR DEMÃO). AF_01/2020_PE","M2",1.1000000000000001,null,null,15.48,17.028000000000002]
["SUB-TOTAL",{"$nulls":7},{"$f":"SUM(I217:I223)","v":150.67237300000002}]
["MÃO DE OBRA"]
["BASE","CÓDIGO","DISCRIMINAÇÃO","UNI","QUANT.",null,null,"P.UNIT.","P.TOTAL"]
["SINAPI",88251,"AUXILIAR DE SERRALHEIRO COM ENCARGOS COMPLEMENTARES","H",8,null,null,21.89,{"$f":"H227*E227","v":175.12}]
["SINAPI",88315,"SERRALHEIRO COM ENCARGOS COMPLEMENTARES","H",5.333333333333333,null,null,26.01,{"$f":"H228*E228","v":138.72}]
["SUB-TOTAL",{"$nulls":7},{"$f":"SUM(I227:I228)","v":313.84000000000003}]
["PRODUÇÃO DA EQUIPE",null,null,1,"CUSTO ",null,null,null,{"$f":"I229+I224","v":464.51237300000003}]
["TOTAL - R$",{"$nulls":7},{"$f":"I230/D230","v":464.51237300000003}]
["BDI                %",{"$nulls":7},1]
["TOTAL DO SERVIÇO - R$",{"$nulls":7},{"$f":"I231*I232","v":464.51237300000003}]
[]
[" COMPOSIÇÃO DE PREÇO UNITÁRIO",{"$nulls":7},"CPU012"]
["DESCRIÇÃO DO SERVIÇO",{"$nulls":6},"DATA BASE: ","2025-03-01"]
["FORNECIMENTO DE CONTAINER DRY BOX 20 PÉS 6,1X2,21X2,6 (COMPXLARGXALTU)",{"$nulls":6},"UNIDADE: ","un"]
["MATERIAL"]
["BASE","CÓDIGO","DISCRIMINAÇÃO","UNI","QUANT.",null,null,"P.UNIT.","P.TOTAL"]
["COTAÇÃO","-","CONTAINER DRY BOX 20 PÉS 6,1X2,21X2,6 (COMPXLARGXALTU)","un",1,null,null,15901.67,{"$f":"E240*H240","v":15901.67}]
["COTAÇÃO","-","FRETE DE CONTAINER TIPO CIF","un",1,null,null,null,{"$f":"E241*H241","v":0}]
["SUB-TOTAL",{"$nulls":7},{"$f":"SUM(I240:I241)","v":15901.67}]
["MÃO DE OBRA"]
["BASE","CÓDIGO","DISCRIMINAÇÃO","UNI","QUANT.",null,null,"P.UNIT.","P.TOTAL"]
["-","-","-","-","-",null,null,"-","-"]
["SUB-TOTAL",{"$nulls":7},{"$f":"SUM(I245:I245)","v":0}]
["PRODUÇÃO DA EQUIPE",null,null,1,"CUSTO ",null,null,null,{"$f":"I246+I242","v":15901.67}]
["TOTAL - R$",{"$nulls":7},{"$f":"I247/D247","v":15901.67}]
["BDI                %",{"$nulls":7},1]
["TOTAL DO SERVIÇO - R$",{"$nulls":7},{"$f":"I248*I249","v":15901.67}]
[]
[" COMPOSIÇÃO DE PREÇO UNITÁRIO",{"$nulls":7},"CPU012"]
["DESCRIÇÃO DO SERVIÇO",{"$nulls":6},"DATA BASE: ","2025-03-01"]
["FORNECIMENTO DE CONTAINER HIGH CUBE 40 PÉS 12,2X2,3X2,9 (COMPXLARGXALTU)",{"$nulls":6},"UNIDADE: ","un"]
["MATERIAL"]
["BASE","CÓDIGO","DISCRIMINAÇÃO","UNI","QUANT.",null,null,"P.UNIT.","P.TOTAL"]
["COTAÇÃO","-","CONTAINER  HIGH CUBE 40 PÉS 12,2X2,3X2,9 (COMPXLARGXALTU)","un",1,null,null,15133.33,{"$f":"E257*H257","v":15133.33}]
["COTAÇÃO","-","FRETE DE CONTAINER TIPO CIF","un",1,null,null,null,{"$f":"E258*H258","v":0}]
["SUB-TOTAL",{"$nulls":7},{"$f":"SUM(I257:I258)","v":15133.33}]
["MÃO DE OBRA"]
["BASE","CÓDIGO","DISCRIMINAÇÃO","UNI","QUANT.",null,null,"P.UNIT.","P.TOTAL"]
["-","-","-","-","-",null,null,"-","-"]
["SUB-TOTAL",{"$nulls":7},{"$f":"SUM(I262:I262)","v":0}]
["PRODUÇÃO DA EQUIPE",null,null,1,"CUSTO ",null,null,null,{"$f":"I263+I259","v":15133.33}]
["TOTAL - R$",{"$nulls":7},{"$f":"I264/D264","v":15133.33}]
["BDI                %",{"$nulls":7},1]
["TOTAL DO SERVIÇO - R$",{"$nulls":7},{"$f":"I265*I266","v":15133.33}]
[]
[" COMPOSIÇÃO DE PREÇO UNITÁRIO",{"$nulls":7},"CPU013"]
["DESCRIÇÃO DO SERVIÇO",{"$nulls":6},"DATA BASE: ","2025-03-01"]
["FORNECIMENTO E INSTALAÇÃO DE SUPORTE PARA CAIXA D'ÁGUA EM METALON",{"$nulls":6},"UNIDADE: ","un"]
["MATERIAL"]
["BASE","CÓDIGO","DISCRIMINAÇÃO","UNI","QUANT.",null,null,"P.UNIT.","P.TOTAL"]
["ORSE","08851/ORSE","Tubo industrial, em aço, quadrado, dim 50 x 50 mm, e=2,00mm, 4,476 kg/m","m",{"$f":"5.4*1.1","v":5.9400000000000013},null,null,80.040000000000006,{"$f":"E274*H274","v":475.43760000000015}]
["ORSE","03664/ORSE","Chapa aço fina preta lisa nº14, e=2,00mm (16,0 kg/m2)","m2",{"$f":"2.427*1.075*1.1","v":2.8699275000000002},null,null,142.56,{"$f":"E275*H275","v":409.13686440000004}]
["SINAPI",100719,"PINTURA COM TINTA ALQUÍDICA DE FUNDO (TIPO ZARCÃO) PULVERIZADA SOBRE PERFIL METÁLICO EXECUTADO EM FÁBRICA (POR DEMÃO). AF_01/2020_PE","m2",{"$f":"SUM(E277,E274)*2","v":22.558800000000005},null,null,8.6,{"$f":"E276*H276","v":194.00568000000004}]
["ORSE","13120/ORSE","Perfil Aço, UDC Enrijecido 75 x 40 x 3,43(kg/m) - SAE 1008/1012","kg",{"$f":"2.427*2*1.1","v":5.3394000000000004},null,null,15.4,{"$f":"E277*H277","v":82.226760000000013}]
["SUB-TOTAL",{"$nulls":7},{"$f":"SUM(I274:I277)","v":1160.8069044000001}]
["MÃO DE OBRA"]
["BASE","CÓDIGO","DISCRIMINAÇÃO","UNI","QUANT.",null,null,"P.UNIT.","P.TOTAL"]
["SINAPI",88251,"AUXILIAR DE SERRALHEIRO COM ENCARGOS COMPLEMENTARES","H",{"$f":"20*2","v":40},null,null,21.89,{"$f":"H281*E281","v":875.6}]
["SINAPI",88315,"SERRALHEIRO COM ENCARGOS COMPLEMENTARES","H",{"$f":"20*2","v":40},null,null,26.01,{"$f":"H282*E282","v":1040.4000000000001}]
[{"$nulls":8},{"$f":"SUM(I281:I282)","v":1916}]
["PRODUÇÃO DA EQUIPE",null,null,1,"CUSTO ",null,null,null,{"$f":"I283+I278","v":3076.8069044000003}]
["TOTAL - R$",{"$nulls":7},{"$f":"I284/D284","v":3076.8069044000003}]
["BDI                %",{"$nulls":7},1]
["TOTAL DO SERVIÇO - R$",{"$nulls":7},{"$f":"I285*I286","v":3076.8069044000003}]